All English Featured Quizzes - Statistics

General Stats
  • This quiz has been taken 0 times
  • The average score is 0 of 2089
Answer Stats
Quiz Average Rating Takes % Correct
100 Biggest Cities in Europe with a Map 62% 4.95 213,147
0%
100 Biggest Cities on a World Map 59% 4.98 232,374
0%
100 General Knowledge Questions of Varying Difficulty 47% 4.79 52,937
0%
100 Most Common English Words 40% 4.87 800,875
0%
10 Asian Countries with the Most Tourists 80% 4.74 50,396
0%
10 Biggest American Countries by Area 100% 4.97 73,689
0%
10 Biggest Asian Countries by Area 90% 4.96 83,050
0%
10 Biggest European Countries by Area 100% 5.00 103,918
0%
10 Easternmost Countries in Asia 90% 4.97 62,727
0%
10 Easternmost Countries in Europe 90% 4.84 56,276
0%
10 European Countries with the Most Tourists 90% 4.95 67,415
0%
10 Most Popular Pizza Toppings 78% 4.02 67,555
0%
10 Northernmost Countries in Africa 90% 4.98 86,893
0%
10 Southernmost Countries in Africa 90% 4.98 69,753
0%
10 Southernmost Countries in Asia 90% 4.97 56,948
0%
10 Southernmost Countries in Europe 90% 3.98 55,747
0%
10 Southernmost U.S. States 90% 4.82 59,502
0%
10 Westernmost Capital Cities in Europe 90% 4.88 50,352
0%
10 Westernmost Countries in Europe 90% 4.94 97,318
0%
12 Apostles of Jesus 58% 4.17 83,997
0%
12 Months in 15 Seconds 58% 3.92 2,704,100
0%
12 x 12 Multiplication Table in 2 Minutes 63% 4.56 459,107
0%
12x12 Multiplication - The Whopper 94% 4.69 57,837
0%
13 Colonies Quiz 85% 4.96 67,960
0%
15 Biggest Island Countries 80% 4.98 88,135
0%
15 Largest Cities in Africa With a Map 73% 4.93 51,972
0%
15 Largest Cities in Asia With a Map 87% 4.97 62,898
0%
15 Largest Cities in Europe With a Map 92% 4.97 125,894
0%
15 Largest Cities in South America With a Map 67% 4.90 60,294
0%
15 Largest Cities in the Middle East With a Map 73% 4.85 60,407
0%
15 Most Populous Countries that Speak a Romance Language 73% 4.57 69,435
0%
1960s Catchphrases 61% 4.10 89,748
0%
1980s Catchphrases 69% 3.72 172,856
0%
1990s Catchphrases 73% 4.11 145,463
0%
1990s Movie Quotes 62% 4.33 76,902
0%
1992 Olympic Basketball Dream Team 69% 4.22 126,626
0%
#1 Hits of the 1970s Quiz 31% 4.39 59,731
0%
#1 Hits of the 1980s 37% 4.82 94,075
0%
#1 Hits of the 1990s Quiz 36% 4.33 60,954
0%
#1 Hits of the 2000s 42% 4.27 118,026
0%
#1 Hits of the 2010s Quiz 61% 4.38 182,213
0%
1M Cities by Proximity - United States 77% 4.50 83,412
0%
#1 NBA Draft Picks 43% 3.99 118,106
0%
#1 NFL Football Draft Picks 36% 3.90 61,681
0%
2000s Catchphrases 50% 2.95 322,645
0%
2000s Celebrities by Picture #1 65% 3.75 58,882
0%
2000s Celebrities by Picture #2 70% 3.96 50,270
0%
2000s Decade Quiz 55% 4.06 69,174
0%
2000s Movie Quotes Quiz 53% 3.97 65,208
0%
2010 FIFA World Cup Teams 72% 4.45 110,381
0%
2010s Celebrities by Picture #1 75% 4.04 80,572
0%
2010s Celebrities by Picture #2 75% 4.03 68,406
0%
2010s Music Trivia 75% 4.21 52,886
0%
2014 FIFA World Cup Teams 78% 4.47 89,689
0%
2018 FIFA World Cup Results 72% 4.97 53,264
0%
2023 English Premier League Teams 80% 4.78 391,551
0%
2023 Football League Teams 55% 4.91 211,337
0%
20 Random Countries Sequentially on a World Map 75% 4.86 54,565
0%
250 Biggest Cities in Europe With a Map 43% 4.95 60,340
0%
25 Most Photographed Cities in Europe 56% 4.29 76,005
0%
40 Historical People that Everyone Should Know 60% 4.11 720,520
0%
45 European Countries, 45 Cities 53% 4.92 51,087
0%
4-Letter Geography Chain #1 63% 4.57 88,826
0%
4-Letter Movie Chain #1 70% 4.29 69,461
0%
4-Letter Word Chain Game #1 73% 4.42 72,674
0%
4-Letter Word Chain Game #2 78% 4.27 64,914
0%
4-Letter Word Chain Game #3 70% 4.27 66,424
0%
4-Letter Word Chain Game #4 63% 3.85 51,575
0%
4-Letter Word Chain Game #5 73% 4.28 62,915
0%
500 Biggest US Cities 25% 4.88 52,253
0%
50 Largest Countries on the World Map Quiz 80% 4.98 102,385
0%
50 States, 50 Cities - Easy Version 66% 4.28 104,914
0%
5-Letter Geography Chain #1 64% 4.11 78,920
0%
5-Letter Geography Chain #2 61% 4.41 70,153
0%
5-Letter History Chain #1 68% 4.33 56,189
0%
5-Letter Word Chain Game #1 75% 4.29 84,199
0%
5-Letter Word Chain Game #3 72% 4.33 55,358
0%
5-Letter Word Chain Game #4 67% 4.01 54,939
0%
5-Letter Word Chain Game #5 70% 4.22 53,398
0%
6-Letter Geography Chain #1 61% 4.19 59,022
0%
7 Deadly Sins Quiz 71% 4.69 268,167
0%
A Answers Quiz #1 63% 4.14 87,522
0%
Actors by Last Name #1 68% 4.10 54,936
0%
Actresses by Last Name #1 64% 4.29 51,734
0%
Add a Letter - Make a U.S. State 78% 4.60 50,354
0%
Africa Capitals Quiz 54% 4.98 408,709
0%
Africa Cities Map Quiz 71% 4.95 70,117
0%
Africa Map Quiz 57% 5.00 1,541,220
0%
African Capitals by Map 63% 4.97 52,399
0%
African Countries by First 2 Letters 78% 4.94 173,873
0%
African Countries with the Shortest Names 82% 4.97 74,255
0%
African Diaspora - Top 10 Countries 80% 4.88 52,635
0%
African Island Countries 83% 4.97 54,221
0%
Ages and Eras Quiz 59% 4.21 57,866
0%
Airline Logos 55% 4.40 76,550
0%
Airlines by Country Quiz 58% 4.41 83,393
0%
Airport Codes Quiz #1 59% 4.67 123,648
0%
Airport Codes Quiz #2 59% 4.29 52,841
0%
All 1M Cities by Proximity 78% 5.00 342,886
0%
All 3,143 Counties of the United States on a Map 22% 4.93 136,120
0%
All Counties of the United States by Proximity 68% 4.98 157,107
0%
All Countries by Area : Four at a Time 59% 5.00 50,848
0%
All Countries by Northernmost Point on Land 27% 4.84 65,516
0%
All Countries of the World by Area with Hints 38% 4.91 103,066
0%
All Countries that Once Bordered Germany 67% 4.58 54,905
0%
All Country Flags of the World 48% 5.00 1,522,564
0%
All EPL Teams Ever 74% 4.41 153,913
0%
All Major North American Pro Sports Teams 71% 4.97 519,485
0%
All-NBA First Team Players 60% 4.68 312,124
0%
All NFL Starting Quarterbacks of the 2010s 39% 4.39 83,202
0%
All North American Pro Sports Logos 77% 4.53 53,053
0%
All Teams to Ever Play a FIFA World Cup 78% 4.93 210,374
0%
All the Pokémon (#0001 to #1008) 36% 4.91 83,826
0%
All-Time NCAA Football Wins 70% 4.25 50,089
0%
All-Time Sports Champions Quiz 61% 3.53 65,625
0%
"America" in the Answer 60% 3.63 62,405
0%
American Corporate Slogans Quiz #1 48% 3.97 59,520
0%
American Corporate Slogans Quiz #2 61% 3.88 55,790
0%
American Countries with the Shortest Names 80% 4.96 68,311
0%
American Football Positions Quiz 75% 4.10 101,711
0%
American History Quotes #1 71% 4.36 78,774
0%
American Junk Food Brands #1 54% 3.78 51,243
0%
American Sports Cliches 67% 3.95 97,143
0%
American Television Siblings 57% 4.01 51,937
0%
American TV Catchphrases #1 50% 3.80 60,566
0%
American TV Couples Quiz 50% 4.10 77,636
0%
American TV Shows by Cast Quiz #2 50% 4.22 57,079
0%
American TV Theme Songs 50% 4.30 59,922
0%
Anagram Chain - Countries 65% 4.98 66,277
0%
Analogies #1 65% 3.89 67,984
0%
Analogies #2 70% 4.18 58,180
0%
Analogies #3 75% 4.26 80,246
0%
Analogies #4 75% 4.41 59,010
0%
Analogies #5 75% 4.32 58,760
0%
Ancient City to Country 70% 4.66 74,162
0%
Ancient Roman Trivia #1 68% 4.81 51,876
0%
"And Something" Movie Titles 64% 4.12 146,384
0%
Animal Anatomy Quiz 65% 4.21 53,042
0%
Animals A-Z #1 88% 4.29 60,841
0%
Animals by Close-up Image 88% 4.26 164,437
0%
Animal Sounds Quiz 89% 4.19 166,328
0%
Animals that Start with A 63% 4.08 85,218
0%
Animals that Start with B 70% 4.18 84,110
0%
Animals that Start with C 71% 4.13 68,351
0%
Animals that Start with D 69% 4.19 63,652
0%
Animals that Start with E 64% 4.18 55,596
0%
Animals that Start with F 71% 4.14 82,061
0%
Animals that Start with G 72% 4.16 61,419
0%
Animals that Start with H 75% 4.15 65,695
0%
Animals that Start with K 63% 3.98 53,464
0%
Animals that Start with L 75% 4.44 71,740
0%
Animals that Start with M 68% 4.24 63,510
0%
Animals that Start with O 64% 4.21 67,190
0%
Animals that Start with P 75% 4.32 64,733
0%
Animals that Start with R 80% 4.15 67,730
0%
Animals that Start with S 79% 4.40 60,666
0%
Animals that Start with T 72% 4.29 66,753
0%
Animals Used in Food 58% 4.21 60,776
0%
Animal Varieties Quiz #1 75% 4.45 70,397
0%
Answers are Beverages 62% 4.05 52,614
0%
Answers Contain "Fire" 59% 3.81 59,010
0%
Answers Contain "Ice" 65% 4.05 63,987
0%
Answers Contain "Land" Quiz 68% 4.24 50,262
0%
Answers Contain the Number Two 65% 3.68 53,518
0%
Antonyms Quiz #1 74% 4.58 222,827
0%
Antonyms Quiz #2 81% 4.05 95,066
0%
Antonyms Quiz #3 67% 3.66 64,185
0%
Apple Products Quiz 47% 3.03 69,261
0%
April Fools' Quiz #1 60% 3.68 53,757
0%
Arctic Ocean Countries 100% 4.94 56,085
0%
Art Works Picture Quiz #1 47% 4.39 78,883
0%
Art Works Picture Quiz #2 60% 4.39 71,048
0%
Asia Capitals Quiz 65% 4.97 382,434
0%
Asia Capital to Country 77% 4.95 74,747
0%
Asia Map Quiz 69% 4.99 528,654
0%
Asian Countries by Borders in 30 Seconds 75% 4.51 274,746
0%
Asian Countries by First 2 Letters 75% 4.93 152,729
0%
Asian Countries Ending in "IA" 78% 4.93 60,968
0%
Asian Countries with the Fewest Borders 75% 4.69 55,854
0%
Asian Countries with the Shortest Names 82% 4.98 75,491
0%
Asian Island Nations 82% 4.67 61,114
0%
Assassinated U.S. Presidents 75% 4.75 60,953
0%
Assassinations in History Quiz 45% 4.04 56,778
0%
Australia Cities Map Quiz 56% 4.78 94,272
0%
Australia Map Quiz 75% 4.93 249,115
0%
Australian States and Territories Quiz 75% 4.94 79,239
0%
Austria... or Australia? 75% 4.75 53,570
0%
Avengers Team Members 20% 4.03 61,038
0%
"A Whole New World" Lyrics 68% 4.08 53,759
0%
Axis Occupied Countries of WWII 71% 4.99 141,659
0%
Baby, Male and Female Animals 67% 4.32 99,298
0%
Ballon d'Or Winners 44% 4.26 140,521
0%
Band Members #1 57% 4.28 72,234
0%
Band Names by Synonym #1 58% 4.58 85,789
0%
B Answers Quiz #1 67% 4.15 63,327
0%
Baseball Abbreviations 74% 4.25 55,051
0%
Basic Cake Ingredients 75% 4.16 70,655
0%
Basic Harry Potter Quiz 83% 4.82 277,630
0%
Beatles Songs Quiz 30% 4.92 149,778
0%
Beers by Country Quiz 50% 4.26 64,055
0%
Best NBA Point Guards of All-Time 68% 3.62 50,505
0%
Best Selling Beers in the U.S. 36% 3.64 60,794
0%
Best-Selling Breakfast Cereals Quiz 50% 3.56 86,577
0%
Best Selling Sodas Quiz 48% 3.10 163,173
0%
Best-Selling Things 45% 3.95 107,464
0%
Best-Selling Video Game Consoles 66% 4.67 147,467
0%
Bible Characters Quiz #1 72% 4.28 74,318
0%
Bible Characters Quiz #2 62% 4.10 67,636
0%
Big 4 Sports Championship Cities 70% 4.33 61,148
0%
Big Cats 67% 3.85 59,723
0%
Big Countries Bordering Small Countries 75% 4.98 73,509
0%
"Big Five" European Soccer Champions Since 2000 76% 4.93 91,476
0%
Biggest Animals by Category 46% 4.09 64,121
0%
Biggest Cities by Language Quiz 71% 4.93 155,584
0%
Biggest Cities in 4 Random Countries on a Map 60% 4.97 60,699
0%
Biggest Cities in Africa Quiz 71% 4.89 71,785
0%
Biggest Cities in Asia 59% 4.82 60,992
0%
Biggest Cities in California 55% 4.27 106,936
0%
Biggest Cities in Canada 46% 4.45 85,022
0%
Biggest Cities in China Quiz 55% 4.50 87,580
0%
Biggest Cities in Europe 60% 4.73 339,793
0%
Biggest Cities in Europe - Extreme 42% 4.67 53,864
0%
Biggest Cities in France 50% 4.49 131,441
0%
Biggest Cities in Germany 60% 4.91 175,581
0%
Biggest Cities in Italy 55% 4.69 147,935
0%
Biggest Cities in Japan 40% 4.60 55,221
0%
Biggest Cities in Russia 45% 4.51 58,005
0%
Biggest Cities in Spain 50% 4.52 100,843
0%
Biggest Cities in Texas 43% 4.17 85,374
0%
Biggest Cities in the United States 52% 4.91 546,408
0%
Biggest Cities in the U.S. - Extreme 43% 4.90 96,995
0%
Biggest Cities in the World - 2100 50% 4.30 52,776
0%
Biggest Cities in the World - Extreme 47% 4.98 58,605
0%
Biggest Cities in the World Quiz 50% 4.78 440,737
0%
Biggest Cities once in the Roman Empire 69% 4.75 51,277
0%
Biggest City in each U.S. State 68% 4.86 100,901
0%
Biggest City in Every Country 64% 4.96 55,149
0%
Biggest Countries Bordering the Pacific Ocean 87% 4.87 52,824
0%
Biggest Countries by Area 80% 4.99 684,801
0%
Biggest Countries by Area A-Z 75% 4.95 117,029
0%
Biggest Countries by Population 75% 4.99 965,648
0%
Biggest English Cities by Century 58% 4.91 67,829
0%
Biggest English-Speaking Cities 67% 4.37 117,034
0%
Biggest European Cities by Century 47% 4.95 78,106
0%
Biggest European Cities by Letter 54% 4.49 98,448
0%
Biggest Import Partners By Country 78% 4.99 53,855
0%
Biggest Lakes in the World 45% 4.45 61,590
0%
Biggest Mediterranean Cities 63% 4.60 60,643
0%
Biggest Metro Areas in the USA 53% 4.99 230,464
0%
Biggest Muslim Cities 58% 4.57 66,387
0%
Biggest Nations and Empires Ever 75% 4.51 102,615
0%
Biggest Nordic Cities 53% 4.29 52,360
0%
Biggest Roman Empire Countries 87% 4.82 52,491
0%
Biggest "Saint" Cities 55% 4.26 56,542
0%
Biggest Spanish Empire Countries 86% 4.81 59,989
0%
Biggest Spanish-Speaking Cities 59% 4.85 71,704
0%
Biggest Things Quiz 65% 4.22 62,495
0%
Biggest Trading Partners - US 81% 4.70 74,199
0%
Biggest Two-Word U.S. Cities 55% 4.39 70,110
0%
Biggest Urban Areas in the UK 54% 4.28 132,829
0%
Biggest U.S. Cities A-Z 46% 4.50 89,004
0%
Biggest US Cities by Decade 53% 4.91 114,996
0%
Biggest U.S. Cities Starting with A 59% 4.34 65,810
0%
Biggest U.S. Cities Starting with B 50% 4.27 55,826
0%
Biggest U.S. Cities Starting with C 60% 4.22 62,599
0%
Biggest U.S. Cities Starting with D 47% 4.15 69,692
0%
Biggest U.S. Cities Starting with L 50% 4.14 51,404
0%
Biggest U.S. Cities Starting with M 45% 4.05 56,997
0%
Biggest U.S. Cities Starting with N 45% 4.01 53,296
0%
Biggest U.S. Cities Starting with S 60% 4.21 57,009
0%
Biggest World Cities A-Z 62% 4.45 138,142
0%
Biggest World Cities by Letter - A 63% 4.51 69,137
0%
Biggest World Cities by Letter - B 68% 4.39 100,347
0%
Biggest World Cities by Letter - C 40% 3.94 70,233
0%
Biggest World Cities by Letter - D 60% 4.40 71,902
0%
Biggest World Cities by Letter - H 54% 4.45 59,246
0%
Biggest World Cities by Letter - K 56% 4.26 54,744
0%
Biggest World Cities by Letter - L 56% 4.41 66,946
0%
Biggest World Cities by Letter - M 70% 4.51 78,113
0%
Biggest World Cities by Letter - P 50% 4.46 69,054
0%
Biggest World Cities by Letter - S 60% 4.32 76,282
0%
Biggest World Cities by Letter - T 64% 4.17 78,116
0%
Birthstones Quiz 67% 4.20 62,472
0%
Board and Card Games by Clues 50% 4.32 72,543
0%
Body Part Cliches 83% 4.37 100,987
0%
Body Part Words Quiz 65% 4.30 112,202
0%
Bohemian Rhapsody Lyrics 83% 4.98 190,437
0%
Books of the Catholic Bible Quiz 45% 4.43 53,933
0%
Books of the Protestant Bible Quiz 61% 4.60 135,651
0%
Books with Animals in the Title #1 58% 4.34 56,203
0%
Books with Names in the Title Quiz #1 59% 4.20 58,107
0%
Border Crossings Quiz #1 88% 4.99 135,119
0%
Border Crossings Quiz #2 83% 4.98 72,721
0%
Bordering Countries Beginning With the Same Letter 67% 4.99 67,670
0%
Boroughs of New York City 80% 4.38 58,109
0%
Boundary Waters 70% 4.87 68,015
0%
Brand Logos Quiz #1 70% 4.55 1,066,596
0%
Brand Logos Quiz #2 80% 4.52 724,038
0%
Brand Logos Quiz #3 65% 4.30 517,096
0%
Brand Logos Quiz #4 70% 4.33 412,076
0%
Brand Logos Quiz #5 70% 4.30 427,445
0%
Brand Logos Quiz #6 65% 4.10 286,140
0%
Brand Logos Quiz #7 65% 4.23 230,602
0%
Brand Logos Quiz #8 60% 4.27 197,923
0%
Brand-Name Animals Quiz 65% 4.16 63,506
0%
Brazil Country Quiz 71% 4.45 61,461
0%
British Cultural Symbols 68% 4.29 54,703
0%
British Groups of Things 63% 4.21 69,007
0%
British Places A-Z 56% 4.21 55,954
0%
British Spellings Quiz 70% 3.94 86,290
0%
British Words Quiz #1 59% 3.74 202,560
0%
British Words Quiz #2 63% 3.91 96,533
0%
Buddhist Countries 86% 4.96 87,148
0%
Busiest Airports in the United States 80% 4.53 90,296
0%
B Vocabulary Words Quiz #1 59% 4.06 72,282
0%
B Vocabulary Words Quiz #2 65% 3.96 50,579
0%
California Cities Map Quiz 62% 4.39 62,166
0%
California Counties 40% 4.29 64,265
0%
Canada Cities Map Quiz 62% 4.66 89,902
0%
Canada Country Quiz 68% 4.39 87,747
0%
Canada Provinces and Territories 77% 5.00 198,973
0%
Canada Provinces Map Quiz 69% 4.99 435,563
0%
C Answers Quiz #1 67% 4.32 60,932
0%
Can't Cliches Quiz 60% 4.05 77,472
0%
Can You Name All Of One Direction's Songs? 62% 4.10 56,300
0%
Can You Name These 50 Random Countries? 78% 4.97 112,689
0%
Capital of What 63% 4.24 80,414
0%
Capitals in their Native Languages 71% 4.92 84,541
0%
Capitals of Countries with the Biggest Economies 82% 4.89 63,919
0%
Capitals of Most Populated Countries 70% 4.96 78,902
0%
Capitals of Oceania Quiz 57% 4.97 136,177
0%
Capitals of the Largest Countries by Area 70% 4.96 68,493
0%
Capitals with the Shortest Names 51% 4.94 57,290
0%
Car Brands Quiz #1 57% 3.98 152,561
0%
Caribbean Countries and Territories 62% 4.78 64,628
0%
Caribbean / Lesser Antilles Map Quiz 42% 5.00 87,386
0%
Car Logos Quiz #1 75% 4.33 247,542
0%
Car Logos Quiz #2 70% 4.29 105,554
0%
Cars by Country Quiz 77% 4.93 165,894
0%
Cartoon Catchphrases Quiz 59% 4.17 62,004
0%
Cartoon Villains Quiz 63% 4.39 173,519
0%
Category Elimination - African Geography #1 75% 4.89 53,276
0%
Category Elimination - Asian Geography #1 75% 4.77 62,415
0%
Category Elimination - Asian Geography #2 75% 4.94 51,897
0%
Category Elimination - Capital Cities #1 70% 4.91 79,412
0%
Category Elimination - Countries #1 70% 4.99 182,862
0%
Category Elimination - Countries #2 70% 4.98 132,168
0%
Category Elimination - Countries #3 75% 4.98 128,769
0%
Category Elimination - Countries #4 75% 4.98 107,911
0%
Category Elimination - Countries #5 70% 4.70 83,275
0%
Category Elimination - Country Flags #1 70% 4.96 53,303
0%
Category Elimination - European Geography #1 75% 4.96 121,248
0%
Category Elimination - European Geography #2 85% 4.97 88,087
0%
Category Elimination - U.S. States #1 69% 4.91 114,356
0%
Category Elimination - U.S. States #2 75% 4.73 70,450
0%
Catholic Countries Quiz 64% 4.67 148,492
0%
"Cat" Vocabulary Words 75% 3.98 64,459
0%
Celebrity Mugshots Quiz #1 63% 4.07 213,917
0%
Celebrity Mugshots Quiz #2 63% 3.79 95,913
0%
Celebrity Mugshots Quiz #3 50% 3.96 122,116
0%
Central America and Caribbean Map Quiz 71% 4.86 720,126
0%
Central American Countries 86% 4.94 87,650
0%
Champions League Top Goal Scorers 50% 4.02 92,152
0%
Champions League Winners 68% 4.78 437,290
0%
Characters from Books #1 55% 4.16 61,922
0%
Characters from Books #2 60% 4.25 64,717
0%
Chemical Elements with Short Names 70% 4.77 52,720
0%
China Cities Map Quiz 62% 4.79 67,126
0%
China Country Quiz 68% 4.37 74,422
0%
Chinese Zodiac Quiz 75% 4.58 91,570
0%
Christmas Song Lyrics 70% 4.17 50,392
0%
Christmas Things 80% 4.01 58,822
0%
Christmas Trivia #1 68% 4.08 79,732
0%
Cities by Airports 65% 4.40 63,574
0%
Cities by Skyline Silhouette - Map Quiz 70% 4.93 51,906
0%
Cities by Soccer Stadium 60% 4.01 53,987
0%
Cities by Tourist Attraction #1 74% 3.73 76,431
0%
Cities with the Biggest Economies 67% 4.89 94,143
0%
Cities With the Most Billionaires 67% 4.69 80,080
0%
Cities with the Most Metro Rail Stations 52% 4.77 70,695
0%
Cities with the Most Skyscrapers 57% 4.51 69,292
0%
Cities with the Tallest Buildings 53% 4.13 60,610
0%
City by Football Clubs 73% 4.41 96,352
0%
City to Country Quiz #1 59% 4.93 98,784
0%
City to Country Quiz #2 59% 4.53 63,680
0%
City to Country Quiz #3 63% 4.79 67,075
0%
City to Country Quiz #4 63% 4.50 53,658
0%
City to Country Quiz #5 67% 4.56 51,707
0%
City Where It Happened #1 65% 4.34 74,544
0%
Classic Novels by Plot #1 56% 4.43 50,431
0%
Clichés about Death 70% 4.19 54,064
0%
Click a Valid Country A-Z 50% 4.98 173,669
0%
Closest Capital City Pairs #1 70% 4.96 50,207
0%
Closest Countries to North Korea 85% 4.95 68,237
0%
Clothing Brand Logos 75% 3.93 73,193
0%
Coldest Countries 80% 4.97 82,456
0%
Coldest World Capitals 74% 4.97 93,987
0%
College Sports Logos Quiz #1 80% 4.29 180,991
0%
College Sports Logos Quiz #2 80% 4.06 100,378
0%
Colonies 73% 4.69 76,785
0%
Colors by Letter 53% 4.10 121,765
0%
Combined Song Titles 71% 4.67 59,593
0%
Commonly Misspelled Words #1 63% 4.22 81,858
0%
Commonly Misspelled Words #2 70% 4.34 71,507
0%
Common U.S. Street Names 36% 4.37 60,276
0%
Commonwealth of Nations Countries 63% 4.95 181,087
0%
Communist Countries in History 54% 4.56 308,049
0%
Companies by Country #1 65% 4.39 69,784
0%
Computer Nerd Acronyms Quiz #1 53% 4.45 115,917
0%
Confederate States of the U.S. Civil War 91% 4.90 79,028
0%
Count as High as You Can - 15 Second Sprint 26% 4.13 109,261
0%
Counties of England Map Quiz 49% 4.89 235,155
0%
Counties of England Quiz 56% 4.93 446,626
0%
Counties of Ireland 63% 4.86 106,668
0%
Countries and Languages Quiz 67% 4.88 177,447
0%
Countries A-Z by Neighbor 88% 5.00 100,691
0%
Countries Based on First Two Letters #1 79% 4.98 119,335
0%
Countries Based on First Two Letters #2 83% 4.97 107,121
0%
Countries Bigger Than Their Neighbors 71% 4.95 81,041
0%
Countries Bordering Austria 88% 4.96 73,011
0%
Countries Bordering Brazil 90% 4.98 88,556
0%
Countries Bordering China Since 1914 81% 4.94 57,669
0%
Countries Bordering France 90% 4.93 261,625
0%
Countries Bordering Germany 89% 4.99 245,359
0%
Countries Bordering India 100% 4.98 105,649
0%
Countries Bordering Iran 86% 4.81 55,680
0%
Countries Bordering Saudi Arabia 88% 4.94 70,582
0%
Countries Bordering Serbia 88% 4.93 59,700
0%
Countries Bordering South Africa 100% 4.96 52,207
0%
Countries Bordering the Mediterranean - Map Quiz 91% 4.92 52,679
0%
Countries Bordering Turkey 88% 4.98 69,761
0%
Countries Bordering Two or More Oceans 82% 4.13 87,953
0%
Countries Bordering Ukraine, with an Empty Map 100% 4.74 63,366
0%
Countries Breakdown Puzzle #1 53% 3.85 77,628
0%
Countries by Alcohol Consumption 59% 4.45 162,063
0%
Countries by a Single Clue #1 65% 4.83 50,238
0%
Countries by Bordering Flags #1 80% 4.92 51,215
0%
Countries by Borders #1 85% 5.00 136,685
0%
Countries by Borders #2 85% 4.96 78,582
0%
Countries by Borders in 90 Seconds 70% 4.99 2,293,352
0%
Countries by Borders in 90 Seconds with an Empty Map 72% 4.93 136,803
0%
Countries by Capitals and Borders in 90 Seconds 61% 4.91 133,615
0%
Countries by Clue #1 82% 4.90 167,822
0%
Countries by Clue #2 73% 4.88 110,315
0%
Countries by Clue #3 64% 4.57 68,279
0%
Countries by Clue #4 65% 4.36 56,072
0%
Countries by Coldest Recorded Temperature 74% 4.78 58,973
0%
Countries by Emojis 89% 4.99 120,816
0%
Countries by First and Last Letter #1 54% 4.96 105,741
0%
Countries by First and Last Letter #2 67% 4.92 73,464
0%
Countries by First and Last Two Letters 40% 4.95 967,311
0%
Countries by First Two Letters and Borders in 30 Seconds 75% 4.97 115,758
0%
Countries by First Two Letters in 90 Seconds 48% 4.91 3,425,222
0%
Countries by Former Name 65% 4.98 58,443
0%
Countries by Hottest Recorded Temperature 76% 4.93 62,719
0%
Countries by Initial Letter and Continent #1 80% 4.86 108,059
0%
Countries by Initial Letter and Length #1 70% 4.97 57,186
0%
Countries by Inland Surface Water 79% 4.94 63,062
0%
Countries by Languages in 90 Seconds 76% 4.87 357,010
0%
Countries by Last Two Letters 50% 4.78 81,263
0%
Countries by Military Spending 90% 4.91 113,620
0%
Countries by Official Language 70% 4.95 108,399
0%
Countries by Oil Consumption 86% 4.94 83,653
0%
Countries by Partial Flag Images #1 81% 4.98 69,624
0%
Countries by Partial Flag Images #2 88% 4.95 50,650
0%
Countries by Partial Flag Images #3 81% 4.98 53,957
0%
Countries by Picture #1 73% 4.45 61,390
0%
Countries by Population Growth, 1970–Present 65% 4.84 60,274
0%
Countries by Satellite Image #1 75% 4.75 75,016
0%
Countries by Sports in 60 Seconds 93% 4.86 53,140
0%
Countries Closest to Africa 85% 4.95 82,525
0%
Countries Closest to Alaska 75% 4.85 63,663
0%
Countries Closest to Australia 80% 4.99 107,271
0%
Countries Closest to Canada 75% 4.89 119,443
0%
Countries Closest to Europe 85% 4.84 61,248
0%
Countries Closest to India 85% 4.95 60,185
0%
Countries Closest to Indonesia 85% 4.96 53,917
0%
Countries Closest to Israel 84% 4.94 66,953
0%
Countries Closest to Italy 85% 4.97 119,611
0%
Countries Closest to Japan 85% 4.95 71,369
0%
Countries Closest to Metropolitan France 90% 4.93 50,287
0%
Countries Closest to Spain 80% 4.97 141,220
0%
Countries Closest to Spain A-Z 83% 4.98 60,241
0%
Countries Closest to the Persian Gulf 91% 4.90 56,125
0%
Countries Closest to the United Kingdom A-Z 79% 4.94 115,134
0%
Countries Closest to the U. S. 77% 4.50 160,597
0%
Countries Closest to Turkey 85% 4.93 70,114
0%
Countries Closest to United States A-Z 71% 4.56 61,943
0%
Countries Closest to United States by Continent 83% 4.99 85,876
0%
Countries Closest to Vietnam 90% 4.97 58,912
0%
Countries Ending in "IA" 63% 4.99 105,951
0%
Countries Formerly in Yugoslavia 86% 4.90 77,956
0%
Countries in an Empty Ring of the World Map 70% 4.95 77,892
0%
Countries in a Ring of the World Map 90% 5.00 94,963
0%
Countries in Hexagons of the World Map 93% 4.99 53,207
0%
Countries in Random Hexagons of the World Map 85% 4.95 62,973
0%
Countries in Random Squares of the World Map 90% 4.99 187,514
0%
Countries in Southeast Asia With an Empty Map 91% 4.97 66,386
0%
Countries in Squares of an Empty World Map 94% 4.99 68,967
0%
Countries in Squares of the World Map 94% 5.00 92,512
0%
Countries in the Alps 88% 4.88 76,438
0%
Countries in their Native Language 71% 4.97 118,731
0%
Countries in the Southern Hemisphere 83% 4.99 72,673
0%
Countries Invaded by the USSR 79% 4.25 51,412
0%
Countries in World War I 71% 4.84 132,729
0%
Countries in World War II 67% 4.56 538,630
0%
Countries More Populous Than Their Neighbors 83% 4.99 80,679
0%
Countries of Africa 78% 5.00 1,231,794
0%
Countries of Africa by Borders in 30 Seconds 76% 4.50 237,201
0%
Countries of Africa - One Minute Sprint 52% 4.45 194,721
0%
Countries of Africa with an Empty Map 89% 5.00 155,804
0%
Countries of Asia - One Minute Sprint 56% 4.42 171,530
0%
Countries of Asia Quiz 81% 5.00 895,398
0%
Countries of Asia with an Empty Map 90% 4.99 137,280
0%
Countries of Asia with Two or More Words 83% 4.93 66,896
0%
Countries of Europe After World War II 94% 4.97 99,179
0%
Countries of Europe Before World War I 96% 5.00 80,442
0%
Countries of Europe by Population 76% 4.98 87,839
0%
Countries of Europe in 1444 35% 4.89 55,693
0%
Countries of Europe in 1815 With a Map 41% 4.99 93,009
0%
Countries of Europe - One Minute Sprint 58% 4.86 777,959
0%
Countries of Europe Quiz 84% 5.00 1,699,954
0%
Countries of Europe with an Empty Map 93% 5.00 201,632
0%
Countries of North America Quiz 78% 5.00 498,347
0%
Countries of North America with an Empty Map 91% 4.99 50,906
0%
Countries of Oceania 79% 5.00 505,303
0%
Countries of Premier League Players 87% 4.41 94,243
0%
Countries of South America 92% 5.00 430,725
0%
Countries of the Japanese Empire 85% 4.96 59,282
0%
Countries of the Middle East 94% 4.96 113,613
0%
Countries of the Mongol Empire on a Map 93% 4.99 51,980
0%
Countries of the Soviet Union 87% 4.99 115,829
0%
Countries of the World in 1914 with a Map 71% 5.00 115,796
0%
Countries of the World in 1938 Quiz 88% 4.96 51,647
0%
Countries of the World in 1945 with a Map 89% 5.00 76,879
0%
Countries of the World - One Minute Sprint 15% 4.24 626,729
0%
Countries of the World Quiz 56% 5.00 26,712,088
0%
Countries of the World with an Empty Map 77% 5.00 2,153,160
0%
Countries of the World with an Empty Map - Hard Version 85% 5.00 175,442
0%
Countries on the Equator 73% 4.69 94,106
0%
Countries "Ruled" by King Charles III 67% 4.73 56,332
0%
Countries Settled by Vikings 86% 4.91 78,908
0%
Countries that Beat Australia 81% 4.75 51,018
0%
Countries that Beat China 73% 4.66 61,212
0%
Countries that Beat the United States 67% 4.83 84,355
0%
Countries that Border China 86% 4.97 173,065
0%
Countries that Bordered the USSR 83% 4.93 97,882
0%
Countries that Border Hungary 100% 4.98 70,851
0%
Countries that Border Iraq 100% 4.97 65,002
0%
Countries that Border Poland 86% 4.98 96,396
0%
Countries That Border Russia 86% 4.98 304,762
0%
Countries that Catch the Most Fish 80% 4.79 66,819
0%
Countries That End in BIA 67% 4.88 84,180
0%
Countries that End in I 67% 4.87 78,218
0%
Countries that End in L 80% 4.95 89,881
0%
Countries that End in N 64% 4.91 87,012
0%
Countries That End in NIA 67% 4.91 67,178
0%
Countries that End in O 50% 4.92 95,082
0%
Countries that End in R 57% 4.82 63,292
0%
Countries That End in RIA 50% 4.87 67,417
0%
Countries That End in U 83% 4.89 71,412
0%
Countries That End in Y 57% 4.84 113,329
0%
Countries that Produce the Most Beer 75% 4.86 73,155
0%
Countries that Produce the Most Wine 80% 4.88 137,757
0%
Countries That Speak Portuguese 67% 4.86 58,846
0%
Countries that Start with A 73% 4.96 1,257,781
0%
Countries that Start with a Vowel 73% 4.98 62,731
0%
Countries that Start with B 65% 4.94 1,381,232
0%
Countries that Start with C 67% 4.93 1,088,907
0%
Countries that Start with D 80% 4.94 316,528
0%
Countries that Start with E 67% 4.95 792,021
0%
Countries that Start with F 75% 4.67 288,170
0%
Countries that Start with G 73% 4.96 876,815
0%
Countries that Start with H 100% 4.89 264,665
0%
Countries that Start with I 78% 4.91 757,061
0%
Countries that Start with I - Shape Quiz 89% 4.90 68,134
0%
Countries that Start with J 100% 4.93 265,268
0%
Countries that Start with K 67% 4.95 392,470
0%
Countries that Start with L 78% 4.96 617,769
0%
Countries that Start with M 65% 4.95 801,607
0%
Countries that Start with N 73% 4.92 636,759
0%
Countries that Start with P 78% 4.95 722,278
0%
Countries that Start with R 75% 4.42 184,899
0%
Countries that Start with S 65% 4.96 1,039,657
0%
Countries that Start with T 64% 4.84 567,469
0%
Countries that Start with U 86% 4.97 508,354
0%
Countries that Start with V 75% 4.97 329,017
0%
Countries That Touch the Adriatic Sea 100% 4.97 51,026
0%
Countries That Touch the Baltic Sea 100% 4.98 70,679
0%
Countries that Touch the Prime Meridian or Equator 89% 4.89 54,742
0%
Countries the UK Declared War On 71% 4.70 83,014
0%
Countries Unconquered since 1850 58% 4.31 54,663
0%
Countries, U.S. States, and Capitals by First Two Letters 58% 4.90 248,372
0%
Countries where the Sea Freezes 88% 4.91 52,741
0%
Countries Whose Names Start with Saint 80% 4.86 73,519
0%
Countries with Aircraft Carriers 89% 4.81 81,365
0%
Countries With an "Ish" Demonym 67% 4.95 57,154
0%
Countries with a Unique Last Letter 75% 4.87 52,575
0%
Countries with Cardinal Directions in Their Names 83% 4.79 76,727
0%
Countries with Five Letters Quiz 71% 4.94 168,758
0%
Countries with Fjords 83% 4.93 52,919
0%
Countries with Four Letters 80% 4.99 270,259
0%
Countries With Highest GDP as a Percent of Continent 90% 4.96 54,718
0%
Countries with J 71% 4.32 102,269
0%
Countries with Letters Missing 52% 4.96 116,331
0%
Countries with Megacities 80% 4.99 136,867
0%
Countries With More Than 100 Million People 87% 4.97 83,126
0%
Countries With More than 50 Million People 86% 4.98 108,650
0%
Countries with Most Tourists with Exceptions 85% 4.94 62,517
0%
Countries with Multiple Big Islands 82% 4.90 71,168
0%
Countries with Multiple Populous Islands 88% 4.79 52,930
0%
Countries With No Rivers 65% 4.94 52,945
0%
Countries with Nuclear Weapons 80% 4.91 159,376
0%
Countries with Same-Sex Marriage 80% 4.30 58,095
0%
Countries with Six Letters Quiz 63% 4.93 125,393
0%
Countries with the Best Passports 85% 4.89 52,338
0%
Countries with the Biggest Economies by GDP 90% 4.88 200,043
0%
Countries with the Highest Carbon Dioxide Emissions 85% 4.97 67,285
0%
Countries with the Highest HDI 90% 4.96 112,316
0%
Countries with the Highest Life Expectancy 75% 4.83 138,967
0%
Countries with the Highest Maximum Elevation 75% 4.94 129,175
0%
Countries with the Highest Obesity Rate 40% 4.42 129,270
0%
Countries with the Highest Population Density 50% 4.90 108,355
0%
Countries with the Highest Population Under Age 15 75% 4.91 64,602
0%
Countries with the Highest Taxes 80% 4.32 71,889
0%
Countries with the Longest Coastlines 85% 4.88 297,013
0%
Countries with the Longest Total Borders 75% 4.99 196,036
0%
Countries with the Lowest Population Density 63% 4.96 97,806
0%
Countries with the Most Airports 80% 4.97 55,286
0%
Countries with the Most Arabic Speakers 80% 4.89 51,138
0%
Countries with the Most Area in the Southern Hemisphere 85% 4.99 62,729
0%
Countries with the Most Billionaires 81% 4.92 210,974
0%
Countries with the Most Borders 68% 4.96 264,013
0%
Countries with the Most Borders A-Z 71% 4.97 79,049
0%
Countries with the Most Christians 80% 4.93 70,034
0%
Countries With the Most Conflict Deaths 67% 4.58 73,602
0%
Countries with the Most Desert 81% 4.94 65,680
0%
Countries with the Most Elite Universities 87% 4.89 62,664
0%
Countries With the Most English Speakers 80% 4.82 62,074
0%
Countries With the Most Executions 69% 4.31 56,809
0%
Countries with the Most Exports 85% 4.96 98,380
0%
Countries with the Most Forest 70% 4.81 86,078
0%
Countries with the Most Immigrants 75% 4.75 76,014
0%
Countries With the Most Islands 80% 4.85 101,329
0%
Countries with the Most JetPunk Users 90% 4.99 65,032
0%
Countries With the Most Languages 65% 4.92 112,811
0%
Countries with the Most Major Earthquakes 80% 4.91 65,975
0%
Countries with the Most McDonald's Locations 80% 4.73 56,487
0%
Countries with the Most Military Troops 75% 4.94 164,631
0%
Countries with the Most Millionaires 85% 4.79 63,229
0%
Countries with the Most Murders 65% 4.58 88,504
0%
Countries with the Most Muslims 80% 4.93 101,861
0%
Countries with the Most Nobel Prizes 84% 4.81 59,555
0%
Countries with the Most Population Growth by Decade 82% 4.97 58,884
0%
Countries with the Most Prisoners 75% 4.87 60,227
0%
Countries with the Most Sheep 70% 4.81 56,181
0%
Countries with the Most Skyscrapers 90% 4.93 74,334
0%
Countries with the Most Species 80% 4.99 67,531
0%
Countries with the Most Tourists Per Capita 65% 4.14 55,505
0%
Countries with the Most Tourists Quiz 79% 4.90 266,954
0%
Countries with the Most Winter Olympics Medals 84% 4.75 131,293
0%
Countries with the Most Wolves 73% 4.89 57,870
0%
Countries with the Shortest Total Borders 70% 4.88 51,063
0%
Countries with Two Borders 78% 4.99 94,159
0%
Countries with U.S. Troops 69% 4.26 97,408
0%
Countries with W 58% 4.95 83,299
0%
Countries with Wild Penguins 69% 4.89 63,974
0%
Countries with Wild Tigers 77% 4.95 73,451
0%
Countries with Z 73% 4.99 177,739
0%
Country Boggle 50% 4.24 55,432
0%
Country by Photo of its Leader #1 81% 4.56 51,012
0%
Country Chain 75% 4.93 133,168
0%
Country Codes Quiz 60% 4.40 61,653
0%
Country Flags Multiple Choice 80% 4.97 51,594
0%
Country Flags Quiz #1 90% 4.94 1,790,534
0%
Country Flags Quiz #2 80% 4.97 695,645
0%
Country Flags Quiz #3 65% 4.98 461,732
0%
Country Flags that are Red, White, and Blue Only 82% 4.92 64,235
0%
Country Flags with the Most Red 73% 4.95 53,976
0%
Country Flags with the Most White 88% 4.94 66,979
0%
Country Name Etymologies #1 55% 4.95 81,844
0%
Country Names Created by Only 4 Letters 71% 4.97 92,579
0%
Country Nicknames 61% 3.89 90,166
0%
Country Picture Puzzle Game #1 59% 4.84 59,984
0%
Country Shape Quiz #1 81% 4.91 588,352
0%
Country Shape Quiz #2 75% 4.96 282,444
0%
Country Shape Quiz #3 69% 4.94 207,007
0%
Country Shape Quiz #4 56% 4.92 152,524
0%
Country Shape Quiz #5 63% 4.86 93,279
0%
Country Shapes in the World Map #1 90% 4.99 81,170
0%
Country Shapes in the World Map #2 90% 4.99 73,958
0%
Country Shapes in the World Map #3 90% 4.99 65,107
0%
Country Shapes in the World Map #4 90% 4.99 71,870
0%
Country Shapes in the World Map #5 90% 4.98 53,358
0%
Country Shapes in the World Map #6 90% 4.98 50,679
0%
Country Superlatives Quiz #1 55% 4.39 72,928
0%
Country Word Search #1 60% 4.31 110,409
0%
Count to 10 in Europe 63% 4.56 113,016
0%
Cross Flags of Europe 78% 4.35 153,611
0%
Current Events by Year, 1990–present 73% 4.55 101,234
0%
C Vocabulary Words Quiz #1 64% 4.23 100,553
0%
D Answers Quiz #1 71% 4.34 63,741
0%
Deadliest U.S. Wars 83% 4.67 109,271
0%
Deadly Animals 70% 3.86 82,519
0%
Deaths by Date and Cause #1 65% 4.31 55,703
0%
Debut Teams of NBA Players 71% 3.89 77,101
0%
Demonyms Quiz 58% 4.01 135,789
0%
Digits of Pi 18% 4.13 624,834
0%
Disney Animals 67% 4.21 167,555
0%
Disney Animated Characters 85% 4.83 439,681
0%
Disney Animated Characters Quiz #2 62% 4.20 70,905
0%
Disney A-Z 76% 4.33 56,392
0%
Disney Channel TV Shows 56% 3.20 76,714
0%
Disney Feature Films by Characters 75% 4.36 215,241
0%
Disney Princesses 83% 4.40 132,865
0%
Disney Songs in Movies 78% 4.36 299,311
0%
Disney's "The Lion King" 57% 4.12 61,240
0%
Disney Villains 70% 4.13 111,533
0%
Divided Country Name Puzzle #1 70% 4.99 118,041
0%
Divided Country Name Puzzle #2 75% 4.98 69,010
0%
Divided Country Name Puzzle #3 65% 4.91 52,851
0%
Dog Breed Picture Quiz 72% 4.25 158,774
0%
Dogs in the Answer 65% 3.91 57,967
0%
"Do Not Travel" Countries for U.S. Citizens 62% 4.92 95,893
0%
Don't Clichés 67% 3.97 80,362
0%
Don't Stop Believin' Lyrics Quiz 78% 4.39 183,893
0%
"Double" Answers 65% 3.98 50,685
0%
Draw All Country Borders and Borderless Countries 60% 4.99 81,165
0%
Dumb it Down Doc 55% 4.01 54,280
0%
D Vocabulary Words Quiz #1 55% 3.83 83,797
0%
E Answers Quiz #1 71% 4.29 80,849
0%
East Asia Cities Map Quiz 75% 4.96 81,747
0%
East Asia Map Quiz 76% 4.99 1,110,837
0%
Eastern Europe Map Quiz 81% 4.93 82,160
0%
Easy General Knowledge #1 85% 4.34 109,882
0%
Easy General Knowledge #2 80% 4.24 97,152
0%
Easy General Knowledge #3 85% 4.12 88,600
0%
Easy General Knowledge #4 85% 4.35 70,386
0%
Egypt Country Quiz 68% 4.60 50,703
0%
Eight Most Popular Berries 63% 4.30 70,716
0%
Elements by Symbol Quiz 79% 4.90 130,522
0%
Elements of the Periodic Table Quiz 40% 5.00 1,324,799
0%
England's Most Successful Football Clubs 71% 4.28 98,651
0%
English Contractions Quiz 87% 3.53 97,548
0%
English Idioms Quiz #1 77% 4.34 112,739
0%
English Idioms Quiz #2 63% 4.05 66,278
0%
English Idioms Quiz #3 70% 4.16 56,436
0%
English Monarchs Quiz 77% 4.86 303,665
0%
English Premier League 100 Goals Club 55% 4.31 135,459
0%
English Premier League Champions 86% 4.38 86,014
0%
English Speaking Countries 63% 4.68 261,081
0%
EPL Leading Scorer by Year 64% 4.31 88,807
0%
EPL Never Relegated Teams 100% 4.39 85,762
0%
Ethnic Groups by Country Quiz #1 71% 4.27 75,625
0%
EU Capitals with No Hints 81% 4.91 73,251
0%
EU Countries Quiz 89% 4.99 173,358
0%
European Capitals - Map Quiz 75% 4.98 72,604
0%
European Cities A-Z 69% 4.15 60,852
0%
European Cities by Clue 68% 4.84 67,099
0%
European Countries by Clue 82% 4.96 134,040
0%
European Countries by First 2 Letters 71% 4.94 308,856
0%
European Countries in their Native Language 82% 4.99 112,472
0%
European Countries with One Border 86% 4.96 96,666
0%
European Countries with the Fewest Borders 89% 4.99 93,671
0%
European Diaspora - Top 11 Countries 82% 4.84 62,452
0%
European Geography By Letter - A 60% 4.56 82,557
0%
European Geography By Letter - B #1 60% 4.51 68,348
0%
European Geography By Letter - C 68% 4.43 71,040
0%
European Geography By Letter - D 60% 4.47 66,042
0%
European Geography By Letter - E 65% 4.22 73,186
0%
European Geography By Letter - F 60% 4.02 57,966
0%
European Geography By Letter - G 60% 4.21 65,333
0%
European Geography By Letter - H 65% 4.31 60,911
0%
European Geography By Letter - I 65% 4.14 71,227
0%
European Geography By Letter - L 65% 4.44 68,146
0%
European Geography By Letter - M 70% 4.48 75,222
0%
European Geography By Letter - N 70% 4.42 62,958
0%
European Geography By Letter - P 65% 4.81 55,989
0%
European Geography By Letter - R 70% 4.34 61,502
0%
European Geography By Letter - S #1 68% 4.53 63,406
0%
European Geography By Letter - V 60% 4.45 56,285
0%
European Geography by Letter - W 61% 4.19 56,338
0%
European Landlocked Countries 87% 4.99 76,163
0%
European Map without 10 Random Countries 80% 4.97 152,566
0%
Europe by Borders in 30 Seconds 84% 4.99 242,134
0%
Europe by Capitals and Borders in 30 Seconds 73% 4.93 128,197
0%
Europe Capitals - One Minute Sprint 44% 4.31 140,660
0%
Europe Capitals Quiz 71% 5.00 940,500
0%
Europe Capital to Country 80% 4.99 164,596
0%
Europe Cities Map Quiz 83% 4.99 248,152
0%
Europe Flags Map Quiz 67% 4.98 86,285
0%
Europe Map Quiz 64% 4.99 3,204,022
0%
Europe Map with Random Merged Countries 92% 4.96 123,205
0%
Europe's Busiest Airports 75% 4.93 84,566
0%
Events in History #1 71% 4.27 123,084
0%
Events in History #2 65% 4.34 52,541
0%
Events in History #3 65% 4.27 55,706
0%
Every Asian Country Shape 60% 4.93 51,944
0%
Every Country Shape 39% 4.99 169,806
0%
Every European Country Shape 62% 4.92 114,200
0%
E Vocabulary Words Quiz #1 64% 4.05 50,161
0%
FA Cup Winners 57% 4.43 90,207
0%
Fads of the 2000s 64% 3.54 57,411
0%
Family Guy Theme Song Lyrics 84% 4.32 58,812
0%
Family Guy Trivia #1 72% 4.34 110,301
0%
Famous Ancient Romans 55% 4.69 61,073
0%
Famous Animals Quiz #1 71% 3.98 214,577
0%
Famous Animals Quiz #2 67% 3.92 52,055
0%
Famous Dictators Quiz #1 64% 4.51 136,327
0%
Famous Dictators Quiz #2 64% 4.33 57,362
0%
Famous Duos Quiz #1 63% 4.12 66,654
0%
Famous Duos Quiz #2 58% 4.07 97,223
0%
Famous Duos Quiz #3 54% 3.72 51,250
0%
Famous Empires in History 75% 4.79 76,726
0%
Famous Families #1 68% 4.17 68,083
0%
Famous Firsts #2 55% 3.98 72,526
0%
Famous Foreheads #1 73% 4.41 50,175
0%
Famous Foursomes Quiz 67% 3.89 67,924
0%
Famous Last Names #1 63% 3.89 52,100
0%
Famous Married Couples #1 65% 3.81 62,152
0%
Famous Movie Scenes #1 65% 4.30 66,009
0%
Famous Movie Scenes #3 45% 4.03 58,809
0%
Famous Rivers 65% 4.57 72,430
0%
Famous Siblings Quiz #1 67% 4.14 58,745
0%
Famous Trios Quiz #1 75% 4.30 85,901
0%
F Answers Quiz #1 71% 4.08 61,773
0%
Fastest Growing U.S. Cities 46% 4.27 55,341
0%
Fast Food Logos Quiz 70% 4.33 112,910
0%
Fast Math - Addition 80% 4.73 333,400
0%
Fast Math - Double That Number! 65% 4.69 348,413
0%
Fast Math - Multiplication 75% 4.68 725,174
0%
Fast Typing 1 to 100 70% 4.86 3,425,264
0%
Fast Typing A to Z 85% 4.73 3,268,764
0%
Fast Typing A to Z Backwards 42% 4.23 105,199
0%
Fast Typing Test - 100 WPM Challenge 40% 4.17 506,997
0%
Federal Subjects of Russia 46% 4.98 52,106
0%
Female Equivalent Words Quiz 77% 4.36 150,941
0%
Fictional Characters by Country #1 62% 4.25 52,284
0%
FIFA World Cup All-Time Table 90% 4.60 63,357
0%
FIFA World Cup Host Countries 90% 4.96 124,953
0%
FIFA World Cup Top 4 Positions 85% 4.97 246,725
0%
FIFA World Cup Top Goalscorers 37% 4.17 53,210
0%
FIFA World Cup Winners 77% 4.85 130,864
0%
Fifty US States in One Minute 42% 4.23 2,409,339
0%
Figures from Greek Mythology 65% 4.79 122,062
0%
Fill-in-the-Blank Video Game Titles 67% 4.19 92,883
0%
Find The Mystery City Using Color Clues - Randomized 27% 4.38 57,021
0%
Find The Mystery Country Using Color Clues #1 36% 4.92 96,377
0%
Find The Mystery Country Using Color Clues #2 48% 4.51 63,360
0%
Find The Mystery Country Using Color Clues - Randomized! 29% 4.92 851,810
0%
Find The Mystery Country Using Hints - Randomized! 39% 4.99 209,769
0%
First Countries to Reach 5 Million People 80% 4.85 72,106
0%
First Five Countries Alphabetically by Continent 70% 4.93 133,869
0%
First Ladies of the United States 50% 4.26 61,336
0%
First Lines of Christmas Songs 80% 4.30 115,900
0%
First Lines of Songs #1 48% 4.01 72,865
0%
First Lines of Songs #2 55% 4.18 58,756
0%
First Name Movie Titles 60% 4.18 50,423
0%
First Names as Last Names Quiz #1 60% 3.97 52,398
0%
First Names of Historical Figures #1 70% 4.34 185,484
0%
First Names of U.S. Presidents 76% 4.75 234,567
0%
Fish by Picture #1 73% 4.23 85,771
0%
Five Biggest Cities by Country 55% 4.52 100,714
0%
Five Biggest Countries by Continent 83% 4.98 129,675
0%
Five Biggest Countries by Latitude 74% 4.98 67,361
0%
Five Biggest Economies by Continent 87% 4.97 102,188
0%
Five Biggest Immigrant Groups by Country #1 69% 4.95 104,109
0%
Five Closest Countries by Country #1 78% 5.00 162,568
0%
Five Closest Countries by Country #2 82% 5.00 127,671
0%
Five Closest Countries by Country #3 75% 4.94 64,098
0%
Five Countries with Most Christians by Continent 87% 4.98 57,121
0%
Five Countries with the Longest Coastline by Continent 89% 4.97 65,812
0%
Five Least Populated Countries by Continent 73% 4.95 78,311
0%
Five Letter Geography #1 64% 4.42 93,411
0%
Five Letter Geography #2 62% 4.11 55,070
0%
Five Letter Geography #3 68% 4.50 72,467
0%
Five Letter Movie Titles 60% 4.09 52,326
0%
Five Most Elevated Countries by Continent 83% 4.98 67,024
0%
Five Most Guessed Cities by Continent 77% 4.94 59,546
0%
Five Most Guessed Countries by Continent 83% 4.95 97,359
0%
Five Most Populated Cities by Continent 73% 4.94 103,637
0%
Five Most Populated Countries by Continent 83% 4.99 175,933
0%
Five Most Populated Countries by Hemisphere 80% 4.91 61,962
0%
Five Poorest Countries by Continent 63% 4.94 106,030
0%
Five Richest Countries by Continent 63% 4.51 135,002
0%
Five Smallest Countries by Continent 77% 4.97 83,614
0%
Five Top Olympic Medal-Winning Countries by Continent 87% 4.94 76,417
0%
Flag Coloring Book Puzzle #1 67% 4.95 85,670
0%
Flags of Africa Quiz 54% 4.98 204,129
0%
Flags of Asia Quiz 71% 4.99 315,091
0%
Flags of Countries in the World Cup 2018 88% 4.70 58,401
0%
Flags of Countries That Border France 90% 4.94 69,731
0%
Flags of Countries With More Than 100 Million People 93% 4.95 76,341
0%
Flags of Europe Quiz 73% 4.98 628,807
0%
Flags of North and South America Quiz 60% 4.97 184,333
0%
Flags of Oceania 71% 4.99 130,527
0%
Flags of the Countries that Start with A 91% 4.92 72,701
0%
Flags of the Countries that Start with C 80% 4.94 67,734
0%
Flags of the Countries that Start with I 89% 4.93 90,528
0%
Flags of the Mediterranean 86% 4.94 73,487
0%
Flags that are Red & White Only 76% 4.96 72,754
0%
Flags to Languages 78% 4.95 79,502
0%
Flags with Crescents 84% 4.99 85,967
0%
Flags with the Most Stars 43% 4.75 63,312
0%
Flowers by Picture 63% 4.38 80,170
0%
Foods by Country of Origin #1 67% 4.35 240,786
0%
Foods by Picture 65% 3.66 186,435
0%
Foods that Start with A 55% 3.85 70,623
0%
Foods that Start with B 70% 3.81 74,602
0%
Foods that Start with C 75% 4.01 95,721
0%
Foods that Start with F 67% 3.84 68,241
0%
Foods that Start with G 69% 3.95 56,538
0%
Foods that Start with H 60% 3.77 71,682
0%
Foods that Start with L 75% 3.95 63,300
0%
Foods that Start with M 70% 3.95 86,350
0%
Foods that Start with P 70% 4.04 78,548
0%
Foods that Start with R 71% 4.12 79,790
0%
Foods that Start with S 75% 3.84 67,558
0%
Foods that Start with T 75% 3.79 68,467
0%
Foods that Start with W 75% 4.19 68,654
0%
Football Clubs in London 62% 4.13 63,873
0%
Footballers by Country 81% 4.22 278,005
0%
Former Countries 60% 4.60 86,995
0%
Former Countries by Capital 67% 4.37 78,139
0%
Formula One World Champions 65% 4.91 132,275
0%
Four-Letter Acronyms 67% 4.19 76,553
0%
Four Letter Geography #1 71% 4.69 58,597
0%
Four Letter Place Names #1 63% 4.36 63,374
0%
France Cities Map Quiz 63% 4.94 97,758
0%
France Country Quiz 70% 4.69 79,846
0%
French Animal Words 70% 4.44 81,240
0%
French Food Words Quiz 79% 4.69 107,961
0%
French-Speaking Countries Quiz 55% 4.73 170,105
0%
French Verbs 81% 4.79 51,248
0%
Fresh Prince of Bel-Air Lyrics 85% 4.88 503,894
0%
Friends Theme Song Lyrics 78% 4.31 99,107
0%
Friends Trivia 70% 4.06 115,873
0%
Fruits by Picture 60% 4.10 563,080
0%
Fruits in the Answer 75% 4.29 56,890
0%
F Vocabulary Words Quiz #1 59% 4.14 79,939
0%
Game of Thrones Houses Quiz 63% 4.66 58,513
0%
Game of Thrones Last Names 78% 4.43 68,787
0%
Game of Thrones - The Book 76% 4.32 75,880
0%
General Knowledge Quiz #1 55% 4.23 210,589
0%
General Knowledge Quiz #10 60% 4.37 312,294
0%
General Knowledge Quiz #100 55% 4.28 76,220
0%
General Knowledge Quiz #101 55% 4.02 69,076
0%
General Knowledge Quiz #102 60% 4.35 58,219
0%
General Knowledge Quiz #103 60% 4.23 73,628
0%
General Knowledge Quiz #104 60% 4.09 59,172
0%
General Knowledge Quiz #105 55% 4.07 69,969
0%
General Knowledge Quiz #106 60% 3.97 61,158
0%
General Knowledge Quiz #107 55% 4.22 57,675
0%
General Knowledge Quiz #108 60% 4.05 72,325
0%
General Knowledge Quiz #109 55% 3.78 57,948
0%
General Knowledge Quiz #11 60% 4.07 181,545
0%
General Knowledge Quiz #110 60% 3.90 67,911
0%
General Knowledge Quiz #111 55% 3.96 55,159
0%
General Knowledge Quiz #112 55% 4.13 57,015
0%
General Knowledge Quiz #114 55% 3.88 56,277
0%
General Knowledge Quiz #115 55% 4.21 56,317
0%
General Knowledge Quiz #117 60% 4.10 51,572
0%
General Knowledge Quiz #118 55% 3.88 51,723
0%
General Knowledge Quiz #12 55% 4.04 125,123
0%
General Knowledge Quiz #120 55% 3.86 67,139
0%
General Knowledge Quiz #121 55% 3.95 50,497
0%
General Knowledge Quiz #122 60% 4.02 56,849
0%
General Knowledge Quiz #123 55% 3.99 54,951
0%
General Knowledge Quiz #125 65% 4.17 65,161
0%
General Knowledge Quiz #13 60% 4.09 253,227
0%
General Knowledge Quiz #131 60% 3.65 52,798
0%
General Knowledge Quiz #132 60% 3.85 52,328
0%
General Knowledge Quiz #133 60% 4.06 50,972
0%
General Knowledge Quiz #14 65% 4.09 157,198
0%
General Knowledge Quiz #144 60% 3.98 51,692
0%
General Knowledge Quiz #149 60% 4.23 55,361
0%
General Knowledge Quiz #15 55% 4.16 113,457
0%
General Knowledge Quiz #152 65% 3.88 55,254
0%
General Knowledge Quiz #155 60% 4.32 71,069
0%
General Knowledge Quiz #16 60% 4.19 125,195
0%
General Knowledge Quiz #17 55% 4.20 137,216
0%
General Knowledge Quiz #18 65% 4.23 218,426
0%
General Knowledge Quiz #189 70% 4.42 51,473
0%
General Knowledge Quiz #19 60% 4.02 192,133
0%
General Knowledge Quiz #2 60% 4.13 148,322
0%
General Knowledge Quiz #20 60% 3.97 115,257
0%
General Knowledge Quiz #21 65% 4.22 162,229
0%
General Knowledge Quiz #22 60% 4.04 161,589
0%
General Knowledge Quiz #23 60% 4.14 244,366
0%
General Knowledge Quiz #24 70% 4.19 164,930
0%
General Knowledge Quiz #25 65% 4.24 100,608
0%
General Knowledge Quiz #26 65% 4.14 107,991
0%
General Knowledge Quiz #27 60% 4.31 125,015
0%
General Knowledge Quiz #28 60% 4.17 131,964
0%
General Knowledge Quiz #29 65% 3.94 100,826
0%
General Knowledge Quiz #3 60% 4.26 136,741
0%
General Knowledge Quiz #30 55% 4.02 132,397
0%
General Knowledge Quiz #31 55% 4.11 94,407
0%
General Knowledge Quiz #32 60% 4.20 181,471
0%
General Knowledge Quiz #33 60% 4.06 167,303
0%
General Knowledge Quiz #34 65% 4.33 76,173
0%
General Knowledge Quiz #35 55% 4.17 93,686
0%
General Knowledge Quiz #36 60% 4.05 83,085
0%
General Knowledge Quiz #37 60% 4.26 100,622
0%
General Knowledge Quiz #38 55% 4.04 73,348
0%
General Knowledge Quiz #39 65% 3.97 79,228
0%
General Knowledge Quiz #4 55% 4.21 125,640
0%
General Knowledge Quiz #40 60% 4.13 86,227
0%
General Knowledge Quiz #41 65% 4.00 86,034
0%
General Knowledge Quiz #42 65% 4.26 89,897
0%
General Knowledge Quiz #43 65% 4.08 78,869
0%
General Knowledge Quiz #44 65% 4.10 90,522
0%
General Knowledge Quiz #45 65% 4.27 112,433
0%
General Knowledge Quiz #46 65% 4.23 92,026
0%
General Knowledge Quiz #47 65% 4.08 88,226
0%
General Knowledge Quiz #48 60% 4.18 75,473
0%
General Knowledge Quiz #49 65% 4.20 102,274
0%
General Knowledge Quiz #5 50% 4.32 111,369
0%
General Knowledge Quiz #50 60% 4.28 96,275
0%
General Knowledge Quiz #51 65% 4.12 114,737
0%
General Knowledge Quiz #52 65% 4.30 125,918
0%
General Knowledge Quiz #53 60% 3.95 81,032
0%
General Knowledge Quiz #54 65% 4.34 120,625
0%
General Knowledge Quiz #55 65% 4.03 81,393
0%
General Knowledge Quiz #56 55% 4.11 107,196
0%
General Knowledge Quiz #57 60% 4.20 114,824
0%
General Knowledge Quiz #58 65% 4.23 90,973
0%
General Knowledge Quiz #59 55% 4.20 71,435
0%
General Knowledge Quiz #6 60% 4.01 112,876
0%
General Knowledge Quiz #60 55% 4.10 123,243
0%
General Knowledge Quiz #61 60% 3.95 87,790
0%
General Knowledge Quiz #62 55% 4.11 69,142
0%
General Knowledge Quiz #63 65% 4.02 68,586
0%
General Knowledge Quiz #64 60% 4.29 78,221
0%
General Knowledge Quiz #65 60% 4.20 69,711
0%
General Knowledge Quiz #66 60% 4.17 80,687
0%
General Knowledge Quiz #67 65% 4.19 68,779
0%
General Knowledge Quiz #68 60% 4.26 55,025
0%
General Knowledge Quiz #69 65% 4.25 87,855
0%
General Knowledge Quiz #7 50% 4.09 359,302
0%
General Knowledge Quiz #70 65% 3.94 76,939
0%
General Knowledge Quiz #71 65% 4.22 65,240
0%
General Knowledge Quiz #72 55% 4.01 62,428
0%
General Knowledge Quiz #73 65% 3.89 71,080
0%
General Knowledge Quiz #74 60% 4.37 88,140
0%
General Knowledge Quiz #75 60% 4.12 58,850
0%
General Knowledge Quiz #76 65% 4.28 65,642
0%
General Knowledge Quiz #77 70% 4.40 81,504
0%
General Knowledge Quiz #78 65% 4.35 83,937
0%
General Knowledge Quiz #79 65% 4.23 74,957
0%
General Knowledge Quiz #8 60% 4.19 234,630
0%
General Knowledge Quiz #80 65% 4.17 76,976
0%
General Knowledge Quiz #81 65% 4.15 51,430
0%
General Knowledge Quiz #82 55% 3.95 60,748
0%
General Knowledge Quiz #83 55% 4.17 72,053
0%
General Knowledge Quiz #84 55% 4.17 63,984
0%
General Knowledge Quiz #85 65% 3.86 86,624
0%
General Knowledge Quiz #86 55% 3.96 62,207
0%
General Knowledge Quiz #87 55% 4.13 69,588
0%
General Knowledge Quiz #88 55% 3.92 65,236
0%
General Knowledge Quiz #89 65% 4.15 54,574
0%
General Knowledge Quiz #9 50% 4.05 448,097
0%
General Knowledge Quiz #90 60% 4.45 75,123
0%
General Knowledge Quiz #91 55% 4.01 64,194
0%
General Knowledge Quiz #92 55% 4.16 59,500
0%
General Knowledge Quiz #93 55% 4.05 83,730
0%
General Knowledge Quiz #94 65% 4.36 72,077
0%
General Knowledge Quiz #95 65% 4.20 77,825
0%
General Knowledge Quiz #96 55% 4.20 66,145
0%
General Knowledge Quiz #97 60% 4.06 64,202
0%
General Knowledge Quiz #98 55% 4.20 58,085
0%
General Knowledge Quiz #99 60% 4.09 86,997
0%
Generator Puzzle #1 52% 4.10 77,052
0%
Geographic Groups of Five #1 71% 4.50 85,962
0%
Geographic Groups of Four #1 69% 4.49 114,592
0%
Geographic Groups of Seven #1 70% 4.75 92,914
0%
Geographic Groups of Six #1 65% 4.18 75,684
0%
Geographic Groups of Three #1 67% 4.19 75,664
0%
Geographic Groups of Two #1 78% 4.98 152,169
0%
Geographic Groups of Two #2 63% 4.56 60,243
0%
Geography Analogies #1 65% 4.83 58,346
0%
Geography A-Z #1 73% 4.51 53,311
0%
Geography by Letter - A 68% 4.43 137,078
0%
Geography by Letter - B 64% 4.41 113,109
0%
Geography by Letter - C 67% 4.44 96,444
0%
Geography by Letter - D 75% 4.42 91,434
0%
Geography by Letter - E 70% 4.28 93,877
0%
Geography by Letter - F 70% 4.19 86,662
0%
Geography by Letter - G 73% 4.26 75,162
0%
Geography by Letter - H 68% 4.73 89,289
0%
Geography by Letter - I 70% 4.41 71,382
0%
Geography by Letter - J 65% 4.27 76,722
0%
Geography by Letter - K 70% 4.42 69,907
0%
Geography by Letter - L 71% 4.37 95,040
0%
Geography by Letter - M 71% 4.33 70,067
0%
Geography by Letter - N 73% 4.45 76,629
0%
Geography by Letter - O 75% 4.34 81,141
0%
Geography by Letter on the World Map - A 70% 4.74 60,172
0%
Geography by Letter on the World Map - B 65% 4.58 53,253
0%
Geography by Letter on the World Map - C 70% 4.79 69,122
0%
Geography by Letter - P 75% 4.35 116,870
0%
Geography by Letter - R 70% 4.31 69,553
0%
Geography by Letter - S 77% 4.57 75,238
0%
Geography by Letter - T 75% 4.79 79,841
0%
Geography by Letter - U 72% 4.46 80,530
0%
Geography by Letter - V 75% 4.22 65,689
0%
Geography by Letter - W 70% 4.41 71,518
0%
Geography by Letter - Y 63% 4.35 67,185
0%
Geography Decoder 70% 4.43 58,117
0%
Geography General Knowledge #1 50% 4.36 172,891
0%
Geography General Knowledge #10 60% 4.27 100,038
0%
Geography General Knowledge #11 65% 4.40 60,411
0%
Geography General Knowledge #12 70% 4.68 67,600
0%
Geography General Knowledge #2 55% 4.33 117,827
0%
Geography General Knowledge #3 60% 4.36 77,561
0%
Geography General Knowledge #4 65% 4.38 121,812
0%
Geography General Knowledge #5 55% 4.15 89,670
0%
Geography General Knowledge #6 65% 4.50 92,256
0%
Geography General Knowledge #7 55% 4.25 102,462
0%
Geography General Knowledge #8 60% 4.40 81,787
0%
Geography General Knowledge #9 65% 4.17 78,560
0%
Geography Tile Select Quiz 88% 4.99 52,864
0%
Geography True or False #1 72% 4.46 63,034
0%
Georgia ... or Georgia? 78% 4.75 51,420
0%
German Loan Words Quiz 56% 4.07 100,092
0%
German-Speaking Countries 83% 4.91 87,083
0%
Germany Cities Map Quiz 67% 4.82 75,572
0%
Germany Country Quiz 75% 4.79 83,363
0%
Global Cities on a World Map 92% 4.96 65,507
0%
Global Cities Quiz 68% 4.51 141,463
0%
Golf Champions Quiz 35% 4.08 61,934
0%
Google Suggestions Quiz #1 62% 4.39 68,676
0%
Google Suggestions Quiz #2 63% 3.97 57,379
0%
Google What's the Difference? #1 74% 4.41 60,611
0%
Greek Mythology General Knowledge #1 80% 4.68 50,949
0%
Groups of Eight Quiz #1 68% 4.30 108,640
0%
Groups of Eight Quiz #2 64% 4.25 83,992
0%
Groups of Five #1 53% 4.04 211,363
0%
Groups of Five #2 63% 4.29 117,846
0%
Groups of Four Quiz #1 66% 4.33 202,522
0%
Groups of Four Quiz #2 58% 4.19 114,367
0%
Groups of Four Quiz #3 56% 4.19 66,738
0%
Groups of Nine Quiz 62% 4.23 103,768
0%
Groups of Seven #1 66% 4.39 155,894
0%
Groups of Seven #2 59% 4.21 90,910
0%
Groups of Seven #3 66% 4.07 68,383
0%
Groups of Six #1 67% 4.43 120,800
0%
Groups of Six #2 65% 4.40 79,969
0%
Groups of Ten Quiz 54% 4.22 135,280
0%
Groups of Things - Harry Potter 70% 4.86 202,788
0%
Groups of Things - History #1 59% 4.31 61,031
0%
Groups of Things - History #2 52% 4.28 54,852
0%
Groups of Things - Sports 73% 3.99 55,751
0%
Groups of Three Quiz #1 55% 3.97 118,580
0%
Groups of Three Quiz #2 55% 3.97 90,522
0%
Groups of Twelve Quiz 54% 4.32 75,984
0%
Groups of Two #1 71% 4.17 72,050
0%
Groups of Two #2 58% 4.17 59,763
0%
Groups of Two #3 63% 4.31 60,316
0%
Guess the Countries Being Drawn 44% 5.00 106,869
0%
Guess the European Countries Being Drawn 56% 4.94 55,325
0%
Guess These Badly Described Films 71% 4.91 84,998
0%
Guess the U.S. States Being Drawn 70% 4.98 71,856
0%
G Vocabulary Words Quiz #1 64% 4.20 56,925
0%
"Half" Answers 65% 3.98 51,571
0%
H Answers Quiz #1 75% 4.45 76,978
0%
Harry Potter A-Z 77% 4.50 152,766
0%
Harry Potter Characters by Death 50% 3.90 107,298
0%
Harry Potter Characters by Screen Time 68% 4.27 82,871
0%
Harry Potter Last Names 79% 4.73 711,774
0%
Harry Potter Places 74% 4.28 79,529
0%
Harry Potter Spells 55% 4.20 101,519
0%
Harry Potter: Voldemort's Horcruxes 75% 4.42 87,183
0%
Head to Head - Countries #1 80% 5.00 53,277
0%
Highest Grossing 1990s Movies 75% 4.38 73,374
0%
Highest Grossing Movie Franchises 41% 4.49 107,695
0%
Highest Grossing Movies 48% 4.35 66,092
0%
Highest Grossing Movies - Inflation Adjusted 60% 4.44 64,318
0%
Highest Grossing Superhero Movies 64% 4.27 130,842
0%
Highest-Rated FIFA Video Game Players 68% 4.22 93,163
0%
Himalayan Countries 100% 4.93 67,653
0%
Historical Blunders 80% 4.20 65,897
0%
Historical Rulers #1 68% 4.21 85,900
0%
History Analogies #1 75% 4.41 55,620
0%
History by Letter - A 59% 4.56 86,962
0%
History by Letter - B 71% 4.56 100,914
0%
History by Letter - C 71% 4.74 90,939
0%
History by Letter - D 59% 4.26 79,384
0%
History by Letter - E 64% 4.46 82,209
0%
History by Letter - F 64% 4.13 71,317
0%
History by Letter - G 68% 4.45 70,769
0%
History by Letter - H 64% 4.26 78,416
0%
History by Letter - I 67% 4.37 60,747
0%
History by Letter - J 67% 4.42 89,738
0%
History by Letter - K 59% 4.38 57,167
0%
History by Letter - L 60% 4.36 66,804
0%
History by Letter - M 70% 4.49 69,362
0%
History by Letter - N 65% 4.33 61,154
0%
History by Letter - O 60% 4.13 59,133
0%
History by Letter - P 70% 4.23 65,503
0%
History by Letter - R 55% 4.17 77,953
0%
History by Letter - S 65% 4.36 54,606
0%
History by Letter - T 65% 4.31 63,458
0%
History by Letter - U 61% 4.14 58,925
0%
History by Letter - V 50% 4.14 51,764
0%
History by Letter - W 65% 4.34 59,409
0%
History by Letter - Y 56% 4.20 52,161
0%
History General Knowledge #1 55% 4.29 60,227
0%
History General Knowledge #2 55% 4.12 62,021
0%
History General Knowledge #4 55% 4.17 55,547
0%
History General Knowledge #5 65% 4.16 52,526
0%
History Multiple Choice #1 67% 4.39 50,945
0%
Homonyms Quiz #1 60% 4.09 60,684
0%
Homophones #1 70% 4.49 107,921
0%
Homophones #2 71% 4.11 69,654
0%
Homophones #3 66% 3.95 51,182
0%
Horror Movie Villains 61% 4.18 57,961
0%
Hottest Cities in the U.S. 70% 3.94 56,392
0%
Human Body A-Z 65% 4.38 78,165
0%
H Vocabulary Words Quiz #1 65% 4.22 65,438
0%
I Answers Quiz #1 71% 4.24 50,804
0%
IMDB Top 100 Movies Quiz 32% 4.42 120,411
0%
Important Cities in European History 65% 4.56 78,684
0%
Important Cities in WWII 57% 4.31 66,860
0%
Independence from Whom 79% 4.99 129,915
0%
India Country Quiz 67% 4.37 80,985
0%
Indochina Countries 100% 4.79 51,304
0%
International Scientific Units 49% 4.90 88,800
0%
Internet Acronyms Quiz 58% 3.63 93,262
0%
Invasions 65% 4.84 63,041
0%
Ireland Country Quiz 67% 4.60 94,833
0%
Irregular Plurals Quiz #1 63% 4.39 90,439
0%
"Is" Cliches 64% 4.32 50,864
0%
Island Countries Quiz 74% 4.99 474,717
0%
Islands A-Z 64% 4.45 74,745
0%
Islands by Country #1 67% 4.79 132,970
0%
Islands by Country #2 67% 4.68 54,010
0%
Islands by Largest City #1 70% 4.50 61,791
0%
Islands by Shape #1 63% 4.23 62,270
0%
Italy Cities Map Quiz 67% 4.95 82,202
0%
Italy Country Quiz 72% 4.60 75,617
0%
I Vocabulary Words Quiz #1 65% 4.28 72,901
0%
James Bond Movies 60% 4.82 102,719
0%
Japan Country Quiz 71% 4.88 76,840
0%
Japanese Loanwords 71% 4.39 53,627
0%
Japanese Prefectures 51% 4.95 52,508
0%
Jewish Cities Quiz 60% 4.39 50,878
0%
Jim Carrey Movies Quiz 69% 4.33 61,602
0%
Job Titles Quiz #1 75% 4.15 66,084
0%
Johnny Depp Movies Quiz 53% 4.16 51,878
0%
Junk Foods by Picture 69% 3.57 79,494
0%
J Vocabulary Words Quiz #1 58% 4.04 77,696
0%
K Vocabulary Words Quiz #1 64% 4.25 67,083
0%
"Land" Countries 86% 4.97 209,628
0%
Landforms Quiz 67% 4.28 65,379
0%
Landlocked Countries Quiz 76% 4.99 236,761
0%
Landlocked Countries that Border Each Other 79% 5.00 85,209
0%
Landmarks of Countries #1 71% 4.60 70,714
0%
Landmarks Picture Quiz #1 72% 4.15 297,813
0%
Landmarks Picture Quiz #2 61% 4.31 107,782
0%
Language Names in the Language 71% 4.90 92,290
0%
L Answers Quiz #1 71% 4.31 52,980
0%
Largest Countries as a Percent of Continent 84% 4.97 77,962
0%
Largest Countries Bordering Each Other 86% 4.97 63,616
0%
Largest Countries by Area or Population 84% 5.00 106,196
0%
Largest Countries By Category 71% 4.98 81,332
0%
Largest Countries with No Borders 80% 4.96 124,035
0%
Largest Economies in 2050 90% 4.92 73,815
0%
Largest Objects in the Solar System 49% 4.98 56,729
0%
Largest World's Islands on the World Map 58% 4.69 96,200
0%
Last Five Countries Alphabetically by Continent 70% 4.98 86,193
0%
Last Lines of Movies 56% 4.16 52,570
0%
Last Names by Country of Origin 76% 4.43 91,490
0%
Latin American Countries Map Quiz 85% 4.93 58,567
0%
Latin Words #1 67% 4.90 68,050
0%
Latin Words #2 63% 4.73 52,205
0%
Least Peaceful Countries 70% 4.34 76,806
0%
Least Populous Countries A-Z 71% 4.99 117,654
0%
LeBron James Trivia 59% 3.89 115,150
0%
Leonardo DiCaprio Movies Quiz 39% 4.26 79,807
0%
Letters of the Greek Alphabet 63% 4.85 406,700
0%
Livin' on a Prayer Lyrics Quiz 70% 4.17 75,084
0%
London Underground Stations - With Map 35% 4.79 53,076
0%
Lonely Planet Top 200 Cities 37% 4.67 180,390
0%
Longest Border by Country #1 88% 4.99 95,042
0%
Longest Border by Country #2 88% 4.94 76,359
0%
Longest International Borders 81% 4.99 173,671
0%
Longest-Running U.S. Sitcoms 22% 4.14 62,644
0%
Lord of the Rings Characters 79% 4.75 84,765
0%
Lord of the Rings Trivia 76% 4.58 59,483
0%
Losing U.S. Presidential Candidates 41% 4.57 56,286
0%
Lowest Fertility Countries Quiz 64% 4.35 57,770
0%
L Vocabulary Words Quiz #1 64% 3.89 57,050
0%
Madden NFL Covers 58% 3.81 60,940
0%
Majority Muslim Countries 77% 4.97 228,103
0%
Major League Baseball Teams 77% 4.90 608,015
0%
Major World Religions 52% 4.60 65,860
0%
M Answers Quiz #1 67% 4.20 64,853
0%
Mario Characters Quiz 76% 4.67 87,713
0%
Mario Kart Characters 47% 4.38 68,226
0%
Marvel Cinematic Universe - Actor to Character 70% 4.35 66,948
0%
Marvel Cinematic Universe - All Movies 83% 4.86 141,763
0%
Marvel Comics Movie Franchises 63% 4.05 60,991
0%
Marvel Superheroes 56% 4.31 199,682
0%
Math Vocabulary 60% 4.27 62,586
0%
MCU Characters by Screen Time 61% 4.00 61,615
0%
Mean Girls Quotes 64% 4.24 63,094
0%
Medical Acronyms 75% 4.37 70,999
0%
Medical Conditions Quiz 75% 4.85 93,815
0%
Medical Specialties 72% 4.26 68,956
0%
Mediterranean Countries Quiz 86% 4.99 143,147
0%
Megacities on a World Map 70% 4.97 151,966
0%
Megadiverse Countries 76% 4.95 90,296
0%
Members of the British Royal Family 76% 4.08 96,252
0%
Memorable American TV Characters #1 54% 4.18 84,005
0%
Men's Tennis Champs 35% 4.48 102,847
0%
Merged Countries #1 60% 4.40 60,460
0%
Merged Countries #2 75% 4.97 51,252
0%
Mexico States Map Quiz 44% 4.75 65,378
0%
Middle East Map Quiz 76% 4.98 1,011,903
0%
Minecraft Mobs 60% 4.88 89,972
0%
Minecraft Ores 82% 4.06 50,560
0%
MLB Baseball MVPs 36% 4.22 60,101
0%
MLB Baseball Team Logos 80% 4.34 67,922
0%
Modern Countries Conquered by Alexander the Great 82% 4.91 71,950
0%
Modern Day Countries of Austria-Hungary on a Map 92% 4.98 55,906
0%
Modern Day Countries of Nazi Germany on a Map 95% 4.97 67,457
0%
Modern-Day Countries of the British Empire in 1921 85% 4.99 64,398
0%
Modern-Day Countries of the Roman Empire on a Map 94% 4.99 70,120
0%
Modern Word Abbreviations 85% 3.97 83,355
0%
Monarchies of the World 69% 4.89 115,746
0%
Most Common Elements in the Human Body 67% 4.73 97,807
0%
Most Common English Verbs 32% 4.21 62,691
0%
Most Common English Verbs - Extreme 30% 4.95 81,340
0%
Most Common Female First Names in the U.S. 40% 4.13 98,440
0%
Most Common JetPunk Answers - Countries 85% 4.81 52,120
0%
Most Common Last Names in the US 33% 4.31 176,143
0%
Most Common Male First Names in the U.S. 54% 4.22 96,949
0%
Most Common Phobias 50% 4.17 71,594
0%
Most Common Surnames in the UK 21% 4.21 56,007
0%
Most Common U.S. Ancestries 58% 2.60 50,359
0%
Most Common U.S. Last Names - Extreme 19% 4.85 94,986
0%
Most Educated Cities in the United States 67% 4.19 54,699
0%
Most Expensive Countries 55% 4.09 98,955
0%
Most Expensive Football Transfers Ever 56% 4.14 152,590
0%
Most-Followed Twitter Users 28% 3.76 59,428
0%
Most Guessed Capitals on JetPunk 77% 4.88 66,368
0%
Most Guessed Countries on JetPunk 86% 4.96 109,842
0%
Most Guessed European Capitals 80% 4.82 53,630
0%
Most-Guessed JetPunk Answers #1 70% 4.32 67,366
0%
Most Guessed U.S. Cities 80% 4.90 55,252
0%
Most Keystrokes - 15 Second Sprint 56% 4.14 95,766
0%
Most Livable Cities 56% 4.08 52,184
0%
Most Mentioned Bible Characters Quiz 26% 4.23 105,863
0%
Most Mentioned Enemies of Russia 73% 4.73 59,532
0%
Most Mentioned Enemies of the USA 73% 4.48 95,703
0%
Most-Played Songs on Spotify 63% 4.26 75,045
0%
Most Popular Baby Boy Names in Germany 32% 4.21 54,495
0%
Most Popular Board Games Quiz 55% 4.12 50,321
0%
Most Popular Boy Names in the U.S. 2021 38% 3.96 114,762
0%
Most Popular Dog Breeds Quiz 35% 4.10 77,608
0%
Most Popular Fast Food Restaurants 34% 4.09 432,449
0%
Most Popular Fruits 67% 4.16 73,040
0%
Most Popular Girl Names in the U.S. 2021 28% 3.71 133,292
0%
Most Popular High School Sports (U.S.) 73% 4.40 84,803
0%
Most Popular J Names 46% 3.43 164,737
0%
Most Popular NBA Jerseys 60% 4.27 478,263
0%
Most Popular NFL Jerseys 39% 3.97 129,149
0%
Most Popular Spices Quiz 54% 3.88 69,538
0%
Most Populated Countries Bordering the Pacific Ocean 94% 4.98 60,738
0%
Most Populous Countries A-Z 78% 4.98 222,213
0%
Most Populous Countries Bordering Each Other 87% 4.96 55,737
0%
Most Populous Countries by Year 70% 4.75 63,509
0%
Most Populous Countries in 1900 77% 4.86 125,463
0%
Most Populous Countries in 1950 85% 4.57 55,246
0%
Most Populous Countries in 2050 81% 4.92 149,948
0%
Most Populous Countries with Exceptions 90% 4.96 62,328
0%
Most Populous Islands Quiz 29% 4.43 75,929
0%
Most Populous Modern-Day Countries by Century 89% 4.98 54,079
0%
Most Populous World Capitals 75% 4.88 89,790
0%
Most-Spoken Languages of the United States 58% 4.52 135,360
0%
Most Traded Currencies 66% 4.83 54,127
0%
Most Valuable Brands Quiz 29% 4.29 83,227
0%
Most Valuable Sports Teams 52% 4.19 54,276
0%
Most-Viewed YouTube Music Videos 59% 4.03 93,558
0%
Most-Visited Countries by Americans 75% 4.69 51,098
0%
Most-Visited Countries by U.S. Presidents 82% 4.98 113,233
0%
Mountains by Country 59% 4.79 60,363
0%
Movie Characters Quiz #1 50% 4.31 166,495
0%
Movie Characters Quiz #2 54% 4.18 74,918
0%
Movie Characters Quiz #3 58% 4.24 67,821
0%
Movie Couples Quiz 55% 4.05 65,575
0%
Movie Logos 81% 4.11 75,753
0%
Movies by Clue Quiz #1 55% 3.99 68,390
0%
Movies by Clue Quiz #2 64% 4.23 65,408
0%
Movies by Death #1 48% 4.40 52,445
0%
Movies by Opening Scene 56% 4.36 56,494
0%
Movies by Year, 1990–2009 60% 4.14 54,453
0%
Movie Sequels Quiz 50% 3.96 62,244
0%
Movie Series Quiz 71% 4.27 53,615
0%
Movies that Start with B 63% 4.27 53,783
0%
Movie Subtitles 70% 4.26 55,955
0%
Movies with Animals in the Title #1 71% 4.18 155,097
0%
Movies with Animals in the Title #2 71% 4.17 82,672
0%
Movies with Food in the Title 55% 4.03 176,604
0%
Movies with Jobs in the Title 60% 3.55 59,935
0%
Movies with Names in the Title #1 63% 4.14 89,336
0%
Movies with Names in the Title #2 59% 4.36 59,784
0%
Movie Title Antonyms #1 81% 4.66 136,164
0%
Movie Title Antonyms #2 58% 4.41 53,567
0%
Movie Titles by Synonyms #1 70% 4.44 85,154
0%
Movie Titles by Synonyms #2 65% 4.16 65,069
0%
Movie Title Vocabulary Quiz #1 65% 4.13 51,996
0%
Movie Villains #1 54% 4.32 75,117
0%
Multiple Choice General Knowledge #1 56% 4.10 169,140
0%
Multiple Choice Geography #1 60% 4.70 86,299
0%
Multiple Choice Geography #2 67% 4.41 56,495
0%
Musical Acts by Country #1 70% 4.41 52,847
0%
Musical Acts by Letter - J 60% 4.06 52,123
0%
Musical Acts by Letter - K 56% 3.74 65,547
0%
Musical Acts by Letter - M 65% 4.10 57,694
0%
Musical Acts by Letter - R 55% 4.22 55,822
0%
Musical Acts by Letter - S 55% 3.73 53,866
0%
Musical Genres Quiz 63% 3.91 53,361
0%
Musical Instruments by Picture #1 75% 4.45 210,900
0%
Music by Year, 1990-2009 60% 4.17 72,687
0%
Musicians by Last Name 57% 3.95 77,647
0%
Musicians Who Died Young 52% 4.26 54,876
0%
M Vocabulary Words Quiz #1 68% 4.26 68,220
0%
Mythical Creatures Quiz #1 64% 4.83 512,580
0%
Mythical Creatures Quiz #2 60% 4.05 72,733
0%
Mythical Lands 64% 4.17 71,579
0%
Name a Country A-Z 92% 4.99 62,030
0%
Name an Official Language A-Z 70% 4.94 75,453
0%
Name a Valid African Country 76% 4.98 63,535
0%
Name a Valid Asian Country 80% 4.94 51,472
0%
Name a Valid Country #1 70% 4.99 115,023
0%
Name a Valid Country #2 80% 4.97 98,406
0%
Name a Valid Country #3 70% 4.99 108,451
0%
Name a Valid Country #4 70% 4.92 96,793
0%
Name a Valid Country #5 75% 4.98 76,902
0%
Name a Valid Country Bordering Each Sea 82% 4.84 53,812
0%
Name a Valid European Capital 70% 4.92 61,865
0%
Name a Valid European Country #1 78% 4.98 123,379
0%
Name a Valid European Country #2 83% 4.93 55,424
0%
Name a Valid Island Country 75% 4.95 64,592
0%
Name a Valid U.S. President #1 78% 4.93 87,641
0%
Name a Valid U.S. State #1 75% 4.91 103,249
0%
Name a Valid Word #1 59% 4.81 67,775
0%
Name a World Capital A-Z 71% 4.99 78,689
0%
Names for Crimes 55% 4.66 69,380
0%
Name that Greek Letter 71% 4.85 206,265
0%
Name that Historical Figure #1 60% 4.66 215,664
0%
Name that Historical Figure #2 69% 4.37 174,130
0%
Name that Historical Figure #3 70% 4.29 151,366
0%
Name that Historical Figure #4 56% 4.29 91,006
0%
Name that Object #1 70% 3.45 91,524
0%
Name That Punctuation Quiz 67% 4.44 171,719
0%
Name the 7 Dwarfs 86% 4.31 280,496
0%
Name the Disney Animated Movies 39% 4.84 262,921
0%
Name the Harry Potter Books Quiz 86% 4.35 222,207
0%
Name the Popes Quiz 22% 4.42 68,546
0%
Name the Star Wars Movies 89% 4.57 65,943
0%
Name the War Quiz 56% 4.28 159,781
0%
N Answers Quiz #1 79% 4.26 54,872
0%
National Animals 50% 4.19 62,536
0%
National Founders 68% 4.37 53,635
0%
National Soccer Team Logos 75% 4.75 74,830
0%
NATO Countries Quiz 83% 4.96 149,196
0%
NATO Military Alphabet 62% 4.96 370,729
0%
Natural Features of Countries #1 62% 4.79 65,224
0%
NBA 2K Highest Rated Players 73% 4.24 156,772
0%
NBA 60 Points in a Game 50% 4.34 254,069
0%
NBA All-Time Statistical Leaders 46% 4.34 236,759
0%
NBA Basketball Nicknames Quiz #1 63% 4.10 111,821
0%
NBA Basketball Players who Changed Teams 79% 4.08 102,306
0%
NBA Basketball Records Quiz 74% 4.16 103,718
0%
NBA Basketball Team Logos 83% 4.60 272,869
0%
NBA Champions 55% 4.39 342,611
0%
NBA Championship Starters 53% 4.37 191,562
0%
NBA Cities Map Quiz 57% 4.39 169,275
0%
NBA Defensive Players of the Year 67% 4.31 107,419
0%
NBA Finals MVPs 73% 4.40 117,010
0%
NBA Most All-Star Selections by Team 59% 3.76 124,221
0%
NBA MVPs Quiz 69% 4.73 648,458
0%
NBA Players by Team History 70% 3.97 54,313
0%
NBA Players' College Teams #1 58% 4.10 53,253
0%
NBA Players with Three or More Rings 36% 4.01 93,893
0%
NBA's 50 Greatest Players From 1996 40% 4.25 53,658
0%
NBA Scoring Champions 49% 4.30 146,522
0%
NBA Slam Dunk Contest Winners 47% 3.71 68,119
0%
NBA Team Names by Clue 50% 4.24 118,522
0%
NBA Team Scoring Leaders 63% 4.12 157,307
0%
NBA Teams - One Minute Sprint 63% 4.42 61,086
0%
NBA Teams Quiz 73% 4.97 1,511,084
0%
NBA Teams Shaquille O'Neal Played For 83% 4.13 53,078
0%
NBA Top-Scoring Duos 84% 4.26 54,884
0%
NCAA Basketball Champions 57% 4.21 71,161
0%
NCAA Basketball Teams 47% 4.74 219,718
0%
NCAA Football Champions 70% 4.27 62,561
0%
NCAA Football Team Names 72% 4.29 127,875
0%
NCAA Football Teams 64% 4.81 176,935
0%
Netherlands Country Quiz 67% 4.47 52,132
0%
Neutral European Countries of WWII 75% 4.96 71,253
0%
NFL Cities Map Quiz 67% 4.32 132,355
0%
NFL Football Last Names 77% 4.38 108,828
0%
NFL Football Records 62% 4.21 71,985
0%
NFL Football Team Logos 88% 4.77 240,342
0%
NFL Football Teams - One Minute Sprint 63% 4.32 110,284
0%
NFL Football Teams Quiz 78% 4.93 1,458,905
0%
NFL Most Valuable Players 37% 4.29 86,499
0%
NFL Players' College Teams #1 63% 3.79 72,628
0%
NFL Team Colors Quiz 53% 3.72 114,299
0%
NFL Team Names by Clue 56% 4.10 82,666
0%
NFL Team Nicknames 53% 3.80 74,480
0%
NFL Team Passing Leaders 66% 4.07 59,648
0%
NHL Hockey Cities Map Quiz 69% 4.35 63,544
0%
NHL Hockey Team Names by Clue 69% 4.38 51,504
0%
NHL Hockey Teams Quiz 75% 4.79 391,210
0%
NHL Ice Hockey Team Logos 81% 4.58 67,778
0%
"No" Clichés Quiz 67% 4.20 50,849
0%
Non-Bordering Countries Closest to Russia 75% 4.94 58,448
0%
Nordic Cities Map Quiz 67% 4.53 58,615
0%
Nordic Countries and Capitals 100% 4.93 51,261
0%
North America Capitals Quiz 70% 4.98 117,141
0%
North America Map Quiz 65% 4.96 107,141
0%
North American Bird-Named Teams 67% 4.31 57,415
0%
North American Sports Champions Since 2000 66% 4.45 52,336
0%
North American Sports Cities Quiz 78% 4.60 116,936
0%
Northern Hemisphere... or Southern Hemisphere? 83% 4.95 56,357
0%
Northernmost Capital Cities 81% 4.97 63,780
0%
Northernmost Countries A-Z 83% 4.99 129,059
0%
Northernmost Countries by Continent 90% 4.98 60,070
0%
Northernmost Countries Quiz 90% 4.98 253,087
0%
Northern Things 72% 4.30 80,042
0%
North Sea Countries 86% 4.91 61,545
0%
Notable People of WWII 67% 4.46 65,401
0%
Numbers in Spanish Quiz 59% 4.31 61,858
0%
O Answers Quiz #1 75% 4.14 61,601
0%
Oceania Map Quiz 44% 4.97 428,672
0%
Official Cities in the UK 47% 4.86 145,957
0%
Official European Union Languages 79% 4.97 134,727
0%
Official Languages of the World 53% 4.99 221,648
0%
Official Languages of the World on the Disappearing World Map 55% 4.97 50,917
0%
Official Languages Spoken in the Most Countries 73% 4.92 102,938
0%
Official UN Languages 83% 4.92 66,721
0%
"Of Something" Movie Titles 64% 4.33 127,908
0%
Oldest Things 45% 3.76 52,248
0%
"Ologies" Quiz 52% 4.30 62,834
0%
Olympian Gods Quiz 46% 4.94 334,655
0%
Olympic Host Countries 88% 4.98 110,464
0%
One Border Countries 71% 4.98 283,533
0%
One-Name Historical Figures Quiz #1 63% 4.14 59,698
0%
One Name Musicians Quiz 54% 3.97 85,229
0%
One-Syllable Countries Quiz 60% 4.33 89,739
0%
One-Syllable Human Body Parts 48% 4.24 63,897
0%
One Team NBA Basketball Players 71% 3.97 183,143
0%
Onomatopoeia #1 78% 3.63 52,240
0%
OPEC Countries Quiz 62% 4.53 60,670
0%
Orchestra Instruments Quiz 59% 4.03 106,367
0%
Organs of the Human Body (with map) 75% 4.00 83,462
0%
Original 151 Pokémon 46% 4.75 564,536
0%
Orthodox Countries 76% 4.89 80,910
0%
Oscar Actors by Picture #1 60% 4.23 111,178
0%
Oscar Actresses by Picture #1 60% 4.32 92,040
0%
Oscar Best Actors Quiz 37% 4.52 146,460
0%
Oscar Best Actresses Quiz 47% 4.55 111,022
0%
Oscar Best Pictures Quiz 36% 4.50 180,547
0%
Over Words Quiz 77% 4.23 56,310
0%
O Vocabulary Words Quiz #1 64% 4.25 217,661
0%
Oxymorons 65% 3.94 61,496
0%
Palindromes Quiz 60% 4.13 64,883
0%
P Answers Quiz #1 75% 4.08 67,230
0%
Partially Recognized Countries 62% 4.98 61,773
0%
Parts of the United Kingdom 48% 4.79 56,143
0%
Parts of Things #1 80% 4.39 77,096
0%
People by Country #4 71% 4.43 60,834
0%
People in History A-Z #1 73% 4.67 66,388
0%
People on Money - United States 67% 4.28 55,466
0%
People Who Died Young #1 55% 4.09 56,337
0%
People Who Were "The" Something 63% 4.16 112,698
0%
Perfect Squares 63% 4.42 63,850
0%
Periodic Table Elements A-Z 78% 4.88 52,466
0%
Periodic Table Quiz - First 20 Elements 80% 4.44 85,981
0%
Phineas and Ferb Theme Song Lyrics 79% 4.15 66,461
0%
Phobias Quiz 56% 4.30 87,200
0%
Ph Vocabulary Words 59% 4.11 72,912
0%
Piano Man Lyrics Quiz 80% 4.91 52,415
0%
Pixar Characters by Picture 69% 4.11 74,810
0%
Pixar Movies Quiz 65% 4.74 267,672
0%
Pixelated Africa Map 89% 4.99 59,565
0%
Pixelated Europe Map 97% 4.89 62,379
0%
Pixelated World Map 93% 5.00 84,420
0%
Places in their Native Language #1 71% 4.82 151,401
0%
Places in their Native Language #2 71% 4.78 69,405
0%
Places with Colors in the Name 64% 4.24 60,940
0%
Planets of the Solar System Quiz 100% 4.90 810,822
0%
Pokémon Evolutions - 1st Generation 88% 4.07 51,538
0%
Pokémon Real-Life Resemblances 82% 4.14 57,993
0%
Pokémon Theme Tune Lyrics 67% 4.29 69,539
0%
Pokémon Types 83% 4.28 145,536
0%
Political Movements by Country 68% 4.66 53,876
0%
Poorest Countries with Exceptions 80% 4.37 64,914
0%
Popular Royal Names 41% 4.14 83,894
0%
Populous Countries Bordering Smaller Countries 80% 4.97 59,454
0%
Portmanteaus Quiz #2 72% 4.37 50,932
0%
Premier League Relegated Teams 64% 4.49 69,785
0%
Prime Ministers of the UK 39% 4.91 265,077
0%
Provinces of China 55% 4.97 81,845
0%
Provinces of China Map Quiz 44% 4.90 64,868
0%
Provinces of Turkey 72% 4.89 99,884
0%
P Vocabulary Words Quiz #1 54% 4.14 58,207
0%
Quotes from Historical Figures #1 57% 4.46 59,885
0%
Race-to-Nine Word Puzzle #1 57% 4.66 92,315
0%
Random Acronyms Quiz #2 69% 4.17 78,902
0%
Random African Countries on a Map 87% 4.98 151,702
0%
Random American Countries on a Map 83% 4.97 56,421
0%
Random Asian Countries on a Map 87% 4.94 83,890
0%
Random Brand Logos 70% 4.38 184,147
0%
Random Capital to Country 60% 4.99 1,680,845
0%
Random Category Elimination - Countries 70% 4.99 145,919
0%
Random Countries Hidden in the World Map 80% 4.83 50,104
0%
Random Countries Mouse Hunt! 70% 4.89 70,419
0%
Random Countries Mouse Hunt 2: Mousenado! 70% 4.97 52,745
0%
Random Countries on the Borderless World Map 84% 4.99 88,842
0%
Random Countries on the World Map 80% 5.00 806,988
0%
Random Country to Capital 65% 4.96 557,857
0%
Random European Capitals on a Map 75% 4.91 53,209
0%
Random European Capital to Country 90% 4.96 92,602
0%
Random European City to Country 80% 4.82 51,902
0%
Random European Countries on a Map 87% 4.96 143,001
0%
Random European Country to Capital 80% 4.85 65,633
0%
Random European Flag to Country 80% 4.66 81,267
0%
Random Fast Typing 62% 4.49 256,833
0%
Random Fast Typing - 5 Letter Words 65% 4.26 83,919
0%
Random Flags Quiz 70% 4.50 192,482
0%
Random Flag to Country 70% 4.98 262,483
0%
Random French Words #1 79% 4.56 103,815
0%
Random French Words #2 83% 4.49 65,559
0%
Random Geography General Knowledge Quiz 60% 4.38 84,005
0%
Random German Words 75% 4.34 96,550
0%
Random Logos Quiz 70% 4.27 136,511
0%
Random Movie Quotes #3 42% 4.02 104,797
0%
Random Movie Quotes #4 50% 4.22 63,408
0%
Random Name a Valid Country 80% 4.99 85,829
0%
Random Point on Land to Country 80% 4.99 144,537
0%
Random Sequential African Countries on a Map 87% 5.00 78,649
0%
Random Sequential Asian Countries on a Map 85% 4.99 72,633
0%
Random Sequential Countries on the World Map 66% 5.00 251,938
0%
Random Sequential European Countries on a Map 84% 4.99 139,268
0%
Random Sequential U.S. States on a Map 84% 5.00 130,888
0%
Random Spanish Words #1 83% 4.45 79,802
0%
Random Spanish Words #2 79% 4.48 52,793
0%
Random Symbol to Element 55% 4.55 52,397
0%
Random U.S. State Capitals on a Map 70% 4.90 54,033
0%
Random U.S. States on a Map 80% 4.93 215,890
0%
Random World Capitals on a Map 65% 4.81 73,624
0%
R Answers Quiz #1 71% 4.07 52,238
0%
Recently Independent Countries Quiz 83% 4.98 96,713
0%
Regions of Countries #1 76% 4.95 110,029
0%
Regions of Countries #2 81% 4.95 80,425
0%
Regions of Countries #3 71% 4.84 58,004
0%
Regions of France 50% 4.53 63,760
0%
Regions of France Map Quiz 69% 4.93 86,787
0%
Regions of Italy Map Quiz 50% 4.95 95,410
0%
Regions of Spain Map Quiz 59% 4.93 126,843
0%
Regions of Spain Quiz 65% 4.79 55,164
0%
Religion General Knowledge #1 70% 4.37 64,248
0%
Religions by Country of Origin Quiz 67% 4.32 59,328
0%
Rich Countries Bordering Poor Countries 66% 4.90 61,444
0%
Richest Countries A-Z 74% 4.96 50,757
0%
Richest Countries Bordering Each Other 86% 4.99 78,116
0%
Richest Countries by Per-Capita GDP 71% 4.93 179,603
0%
Rock & Roll Hall of Fame 36% 4.36 106,654
0%
Roman Emperors 25% 4.89 57,076
0%
Roman Numeral Decoding Quiz 60% 4.86 271,771
0%
Roman to Greek God 61% 4.69 69,883
0%
Rudolph the Red-Nosed Reindeer 77% 4.46 50,207
0%
Russia Country Quiz 70% 4.82 74,579
0%
R Vocabulary Words Quiz #1 59% 4.07 50,778
0%
Sahara Desert Countries 90% 4.96 82,881
0%
Same Letter Country and Capital 52% 4.98 77,937
0%
S Answers Quiz #1 67% 4.00 59,874
0%
Santa's Reindeer Quiz 89% 4.42 150,016
0%
Satellite Images - Europe 69% 4.42 56,988
0%
Satellite Images Quiz #1 76% 4.51 104,208
0%
Satellite Images Quiz #2 82% 4.73 85,870
0%
Satellite Images Quiz #3 69% 4.27 61,176
0%
Satellite Images Quiz #4 53% 4.45 71,089
0%
Save Americans by Guessing U.S. States 50% 4.58 95,047
0%
Save Europeans by Guessing Countries 76% 4.88 104,022
0%
Save Humanity by Guessing Countries 68% 4.98 204,588
0%
Sayings About Animals #1 80% 4.25 91,310
0%
Sayings About Animals #2 70% 3.91 67,330
0%
Sayings About Animals #3 75% 3.91 63,755
0%
Sayings About Food #1 67% 4.17 100,911
0%
Sayings About Food #2 69% 4.15 55,257
0%
Science General Knowledge #1 70% 4.51 91,680
0%
Science General Knowledge #2 70% 4.38 62,583
0%
Science General Knowledge #3 65% 4.47 57,650
0%
Science Multiple Choice #1 69% 4.43 50,548
0%
Seas of Europe 30% 4.21 67,330
0%
Seas of the World 38% 5.00 63,490
0%
Seas on the World Map 73% 4.98 84,090
0%
Seas that Touch the Most Countries 62% 4.67 62,212
0%
Secondary Names of English Football Clubs 50% 3.43 62,077
0%
Series of Things #1 64% 4.23 51,493
0%
Seven Continents Quiz 100% 4.15 72,882
0%
Seven Letter Geography #1 50% 4.49 52,701
0%
Sexiest Man Alive Quiz 42% 3.58 69,970
0%
Shakespeare's Plays Quiz 44% 4.31 244,321
0%
Shapes and Symbols #1 70% 3.78 93,496
0%
Shapes and Symbols #2 75% 3.93 52,203
0%
Shared First Names #1 67% 4.15 88,886
0%
Shortest Country Name A-Z 79% 4.99 125,217
0%
Short Term Memory Test 60% 4.94 110,706
0%
Short Version of Names 67% 3.92 82,376
0%
Sidekicks Quiz 58% 4.14 91,660
0%
Signs of the Zodiac Quiz 83% 4.44 158,006
0%
Similar Flags #1 82% 4.52 70,172
0%
Similar Flags #2 86% 4.67 53,416
0%
Simpsons Characters Quiz 23% 4.46 127,304
0%
Singers Who Went Solo 59% 4.29 51,197
0%
Six Letter Geography #1 63% 4.38 80,095
0%
Six Letter Geography #3 63% 4.57 54,715
0%
Slang Definitions #1 70% 3.91 50,764
0%
Slavic Countries 92% 4.95 52,250
0%
Smallest Countries Bordering Each Other 76% 4.60 50,307
0%
Smallest Countries by Population and Area 71% 4.99 255,782
0%
Soccer Team Logos 70% 4.27 163,979
0%
Soccer Teams Zlatan Ibrahimović Has Played For 91% 4.43 76,499
0%
Soft Drink Brand Logos 75% 4.15 105,382
0%
Solve the Secret Capital City 59% 4.81 94,371
0%
Solve the Secret Country 52% 4.94 59,099
0%
Something OR Something 64% 4.09 54,267
0%
Songs that Start with the Same Word 77% 4.80 55,785
0%
Songs with Animals in the Title #1 70% 4.36 102,741
0%
Songs with Body Parts in the Title 68% 4.27 161,123
0%
Song Title Antonyms #1 70% 4.06 58,532
0%
South America Capitals Quiz 75% 4.99 277,105
0%
South America Map Quiz 79% 5.00 1,081,474
0%
South American Capitals - Map Quiz 77% 4.97 74,936
0%
Southernmost Countries A-Z 67% 4.96 105,509
0%
Southernmost Countries of the World 80% 4.99 148,868
0%
Southern Things Quiz 67% 4.08 56,333
0%
Soviet Leaders 1917–1991 57% 4.32 55,219
0%
Spain Cities Map Quiz 60% 4.85 57,391
0%
Spain Country Quiz 64% 4.35 76,147
0%
Spanish Animal Words 63% 4.36 62,403
0%
Spanish Food Words Quiz 79% 4.35 160,936
0%
Spanish Name Translation 68% 4.06 124,895
0%
Spanish Place Words 79% 4.37 52,651
0%
Spanish-Speaking Countries Quiz 82% 4.96 250,434
0%
Speed Capital to U.S. State 62% 4.53 80,075
0%
Speed Symbol by Element 54% 4.82 65,664
0%
Spell Check #1 60% 4.89 59,907
0%
SpongeBob Characters 48% 4.11 52,054
0%
Sports by Athlete 53% 3.56 255,181
0%
Sports Equipment 78% 3.79 54,273
0%
Sports in Movies Quiz 65% 3.96 134,162
0%
Sports Teams by State Quiz 68% 4.23 78,747
0%
Sports Terms Quiz #1 64% 3.77 144,425
0%
"Stan" Countries - Map Quiz 86% 4.97 72,317
0%
"Stan" Countries Quiz 86% 4.96 119,659
0%
Star-Spangled Banner Quiz 71% 4.28 134,313
0%
Star Wars A-Z 77% 4.35 55,953
0%
Star Wars Characters 68% 4.33 113,716
0%
Star Wars Characters by Screen Time 73% 4.39 69,735
0%
Star Wars Decoder 74% 4.53 52,945
0%
Star Wars Quotes 76% 4.82 101,355
0%
Star Wars Trivia #1 80% 4.18 91,155
0%
States of Germany 69% 4.91 66,868
0%
States of Germany Map Quiz 63% 4.86 86,948
0%
States of India 58% 4.75 83,403
0%
States of Mexico 55% 4.83 72,779
0%
Summer Olympics Host Cities 75% 4.98 141,005
0%
Super Bowl Winners Quiz 52% 4.28 78,868
0%
Super Bowl Winning QBs 59% 4.36 88,246
0%
Superhero Alter Egos 64% 4.22 123,927
0%
Superhero Nicknames 69% 4.15 50,442
0%
Super Short Movie Titles 65% 4.31 69,055
0%
Super Smash Brothers Characters 53% 4.29 85,267
0%
Superstitions 73% 4.29 64,322
0%
S Vocabulary Words Quiz #1 65% 3.85 55,156
0%
Tallest Countries North to South 75% 4.75 81,834
0%
Tallest NBA Players Ever 33% 3.71 62,147
0%
T Answers Quiz #1 71% 4.35 58,723
0%
Ten Highest HDI Countries in Africa 70% 4.78 55,513
0%
Ten Highest Ranking FIFA Countries by Year 85% 4.94 119,089
0%
Texas Cities Map Quiz 56% 4.27 62,493
0%
The 20th Century 70% 4.42 64,013
0%
The Eleven Colors 91% 4.51 161,544
0%
The Foods they Ate 60% 3.78 50,248
0%
The No Quiz 60% 3.86 84,653
0%
The Office Trivia #1 85% 4.39 56,163
0%
The Only African Country ... 70% 4.97 68,428
0%
The Only American Country ... 70% 4.93 64,637
0%
The Only Asian Country ... 70% 4.73 75,628
0%
The Only European Country ... 60% 4.90 99,485
0%
The Same Suffixes - Geography 90% 4.97 50,222
0%
The Seven Continents Map Quiz 100% 3.73 198,166
0%
The Ten Commandments Quiz 80% 4.17 50,326
0%
Things Named For People #1 58% 4.19 115,108
0%
Things that are Bad Quiz 65% 3.84 51,207
0%
Things That are "Big" 65% 4.01 70,669
0%
Things That are Black #1 75% 4.07 191,449
0%
Things That are Blue 57% 3.72 90,530
0%
Things that are Cold Quiz 65% 4.06 66,589
0%
Things that are Gold 64% 4.30 65,225
0%
Things that are "Good" 70% 4.23 50,568
0%
Things That are Great Quiz 75% 4.12 80,969
0%
Things That are Green 60% 3.85 117,254
0%
Things that are Happy Quiz 60% 3.84 70,062
0%
Things that are Hot Quiz 65% 3.81 50,109
0%
Things That are New 68% 4.29 95,466
0%
Things That are Red 64% 4.11 139,484
0%
Things that are Silver 67% 4.00 53,813
0%
Things that are "Super" 75% 4.38 60,607
0%
Things That are White #1 70% 3.92 82,448
0%
Things that are Yellow 58% 3.99 104,003
0%
Things That Go Together Quiz #1 75% 3.90 59,992
0%
Things That Go Together Quiz #4 68% 3.68 60,462
0%
Things with Geographic Names #1 75% 4.01 69,016
0%
Things with Names from Classical Mythology 60% 4.26 65,420
0%
Third Most Common Language by US State 56% 4.87 63,128
0%
Three Band Flags of Europe 87% 4.97 97,908
0%
Three Letter Acronyms #1 58% 4.10 58,698
0%
Three Letter Animals Quiz 25% 3.83 255,673
0%
Three Letter Answers #2 54% 3.89 51,396
0%
Three Letter Body Parts Quiz 60% 4.26 157,818
0%
Three Letter Geography 55% 4.07 54,408
0%
Three Letter Vocabulary Words 50% 4.08 56,565
0%
Three-Name Movie Stars Quiz 60% 4.05 72,531
0%
Time Idioms 83% 4.32 55,612
0%
Title in the Lyrics #2 - The Beatles 60% 4.44 65,408
0%
Title in the Lyrics - Disney Songs 73% 4.29 98,318
0%
Title in the Lyrics Quiz #1 55% 4.23 145,429
0%
Title in the Lyrics Quiz #3 56% 4.01 83,473
0%
Title in the Lyrics Quiz #4 56% 4.28 93,276
0%
Title in the Lyrics Quiz #5 50% 4.10 68,223
0%
Title in the Lyrics Quiz #6 56% 4.30 60,110
0%
Title in the Lyrics Quiz #7 56% 4.25 63,318
0%
Title in the Lyrics Quiz #8 53% 4.47 69,502
0%
Title in the Lyrics Quiz #9 61% 4.43 68,550
0%
Tom Hanks Movies Quiz 68% 4.27 54,074
0%
Top 100 Baseball Players of All Time 40% 4.08 56,682
0%
Top 100 Greatest NBA Players 39% 4.31 396,843
0%
Top 100 Harry Potter Characters by Mention 48% 4.93 229,705
0%
Top 100 Most Common Words in the Bible 39% 4.24 69,009
0%
Top 100 Movie Quotes 39% 4.48 51,265
0%
Top 10 American Countries by Coastline 90% 4.94 54,109
0%
Top 10 Asian Countries by Coastline 90% 4.92 64,676
0%
Top 10 Asian Countries by Population Increase 90% 4.86 50,647
0%
Top 10 Biggest African Countries by Area 90% 4.99 131,514
0%
Top 10 Biggest Economies in Africa 90% 4.99 84,288
0%
Top 10 Biggest Economies in Asia 90% 4.87 76,404
0%
Top 10 Biggest Economies in Europe 90% 4.97 113,570
0%
Top 10 Biggest Economies in the Americas 90% 4.91 61,261
0%
Top 10 Coldest Asian Countries 80% 4.95 61,393
0%
Top 10 Coldest European Countries 90% 4.93 101,558
0%
Top 10 Coldest U.S. States 80% 4.90 65,258
0%
Top 10 Countries with the Most Spanish Speakers 90% 4.96 72,441
0%
Top 10 Countries with the Most Time Zones 80% 4.82 76,558
0%
Top 10 Countries with the Most Volcanoes 70% 4.41 51,847
0%
Top 10 European Countries by Coastline 90% 4.88 95,952
0%
Top 10 Hottest European Countries 90% 4.88 73,585
0%
Top 10 Hottest U.S. States 90% 4.75 70,533
0%
Top 10 Languages Spoken in Europe 80% 4.94 129,009
0%
Top 10 Largest U.S. States by Area 90% 4.93 91,217
0%
Top 10 Least Populous U.S. States 70% 4.94 117,761
0%
Top 10 Most Densely-Populated Countries in Asia 70% 4.92 52,099
0%
Top 10 Most Densely-Populated Countries in Europe 80% 4.96 58,893
0%
Top 10 Most Famous Island Countries 80% 4.75 54,815
0%
Top 10 Most Islamic European Countries 70% 4.45 79,273
0%
Top 10 Most Populous African Countries 90% 4.99 100,197
0%
Top 10 Most Populous American Countries 90% 4.95 68,997
0%
Top 10 Most Populous Asian Countries 90% 4.95 89,068
0%
Top 10 Most Populous European Countries 90% 4.97 138,075
0%
Top 10 Most Populous U.S. States 80% 4.98 91,381
0%
Top 10 Poorest U.S. States by Median Income 80% 4.91 71,299
0%
Top 10 Richest Countries in Europe 80% 4.94 79,344
0%
Top 10 Richest U.S. States by Median Income 70% 4.43 74,669
0%
Top 10 Smallest U.S. States by Area 90% 4.97 114,054
0%
Top 10 World Cities Through History 36% 4.40 56,472
0%
Top 15 Countries that Produce the Most Tea 60% 4.84 67,179
0%
Top 15 Countries with the Most Cows 60% 4.74 63,663
0%
Top 15 Countries with the Most Hindus 73% 4.93 64,297
0%
Top 15 Most Populous Countries Ending in "IA" 67% 4.69 53,875
0%
Top 20 Motor Vehicle Producing Countries 80% 4.82 65,895
0%
Top 30 Most Powerful Militaries 80% 4.60 133,353
0%
Top 4 in English Football, 1888–2022 58% 4.93 53,508
0%
Top 50 Comic Book Heroes 38% 3.86 67,939
0%
Top 50 Countries by Population - In Order 48% 4.96 156,527
0%
Top 5 Best NBA Teams Since 2000 60% 4.19 99,854
0%
Top 5 Best NFL Teams Since 2000 80% 4.20 61,400
0%
Top 5 Worst NFL Teams Since 2000 60% 4.26 78,677
0%
Top Crude Oil Producing Countries 80% 4.78 117,298
0%
Top European Languages on a Map 79% 4.68 83,450
0%
Top Five Countries By Category #1 67% 4.99 263,487
0%
Top Five Countries By Category #2 62% 4.90 120,308
0%
Top Five Countries By Category #3 58% 4.82 93,837
0%
Top Five Countries By Category #4 64% 4.84 81,555
0%
Top Five Countries By Category #5 57% 4.81 91,180
0%
Top Five Countries by Random Categories 73% 4.94 61,724
0%
Top Five Countries by Religion 79% 4.89 99,211
0%
Top Musical Acts of All-Time 42% 3.62 113,981
0%
Top Oil Reserve Countries 76% 4.91 50,712
0%
Top Producing Countries Quiz 55% 4.60 78,189
0%
Top Rice-Producing Countries 79% 4.90 52,517
0%
Top Scorer by Soccer Team 67% 4.15 101,460
0%
Top U.S. Universities 46% 4.16 88,999
0%
Top World Languages 38% 4.90 440,733
0%
Top World Languages on a Map 37% 4.88 62,769
0%
Total United States Immigration by Country 75% 4.89 62,672
0%
Tourist Attractions by U.S. State 75% 4.44 52,678
0%
TV / Movie Actors Quiz 52% 4.14 108,133
0%
Twelve Days of Christmas Quiz 75% 4.39 112,529
0%
Two Letter Answers #1 58% 4.14 68,797
0%
Two Letter Answers #2 71% 4.31 51,620
0%
Two Letter U.S. State Abbreviations 42% 4.07 570,118
0%
Types of Bears 63% 4.34 83,475
0%
Types of Disasters 74% 4.08 70,029
0%
Types of Food 82% 4.21 67,210
0%
Types of Things #1 75% 4.25 72,344
0%
Types of Things #2 70% 4.09 83,955
0%
Types of Things #3 75% 4.14 76,410
0%
Types of Things #4 70% 3.94 51,208
0%
U Answers Quiz #1 75% 3.97 53,923
0%
UK Baby Boy Names by Decade 48% 4.26 72,923
0%
UK Baby Girl Names by Decade 39% 4.14 84,506
0%
UK Cities Map Quiz 67% 4.92 351,051
0%
UK Immigration by Country 75% 4.91 89,356
0%
Ultimate Harry Potter Name Game 41% 4.95 371,310
0%
Under Words Quiz 65% 3.80 69,267
0%
UNESCO World Heritage Countries 84% 4.96 70,494
0%
UNESCO World Heritage Sites to Country 80% 4.97 64,587
0%
Unique Starting Letter - Countries by Continent 81% 4.99 56,268
0%
United Kingdom A-Z 81% 4.50 53,431
0%
United Kingdom Country Quiz 83% 4.97 66,793
0%
United States Cities Map Quiz 76% 4.96 164,714
0%
United States Country Quiz 83% 4.44 56,816
0%
United States Immigration by Country 71% 4.57 114,618
0%
United States Map Quiz 62% 4.96 3,243,942
0%
Unscramble Movie Titles 71% 4.30 66,677
0%
Unusual NBA Names Quiz 67% 3.66 147,696
0%
USA Olympic Basketball Teams 44% 4.25 52,241
0%
US Army Ranks Quiz 50% 4.33 73,540
0%
USA States in Alphabetical Order 70% 4.98 244,138
0%
U.S. Baby Boy Names by Decade 49% 4.53 317,667
0%
U.S. Baby Boy Names by Letter 73% 3.65 65,064
0%
U.S. Baby Girl Names by Decade 31% 4.29 465,423
0%
U.S. Baby Girls Names by Letter 54% 3.63 62,566
0%
U.S. Chain Restaurant Menu 60% 3.96 125,342
0%
U.S Cities by African-American Population 70% 4.34 69,616
0%
U.S. Cities with Landforms in The Name 58% 4.25 53,978
0%
U.S. Cities with Teams from All Four Major Sports 85% 4.89 58,953
0%
U.S. Cities with the Highest Murder Rate 45% 4.51 95,783
0%
U.S. Citizenship Test Questions 63% 4.88 148,364
0%
U.S. City Nicknames Quiz 63% 4.16 70,487
0%
U.S. Federal Agency Acronyms 64% 4.42 58,076
0%
U.S. Federal Holidays 73% 4.18 80,247
0%
U.S. Groups of Six 63% 4.34 51,880
0%
U.S. Ivy League Colleges 75% 3.86 72,073
0%
U.S. Map with Random Merged States 83% 4.92 158,937
0%
U.S. Military Acronyms 65% 4.31 74,702
0%
U.S. Presidential Trivia #1 50% 4.50 74,842
0%
US Presidents - 1 Minute Sprint 58% 4.39 199,235
0%
U.S. Presidents by Picture 56% 4.75 293,713
0%
U.S. Presidents by State 51% 4.24 56,667
0%
U.S. President Scramble 60% 4.33 58,612
0%
U.S. Presidents Quiz 64% 4.99 2,174,399
0%
U.S. State Border Crossings 86% 4.93 63,011
0%
US State Capitals by Proximity in 30 Seconds 48% 4.12 91,572
0%
U.S. State Capitals Map Quiz 62% 4.84 88,635
0%
US State Capitals - One Minute Sprint 34% 4.03 113,241
0%
U.S. State Capitals Quiz 60% 4.99 1,093,201
0%
US State Capitals Quiz - No Hints 74% 4.96 55,853
0%
U.S. State Flags 34% 4.60 77,366
0%
US States by Borders in 30 Seconds 66% 4.67 1,596,418
0%
U.S. States by Emoji 67% 4.44 50,098
0%
U.S. States by First Two Letters in 30 Seconds 54% 4.57 887,681
0%
U.S. States By Population 60% 4.73 86,648
0%
U.S. State Shapes Quiz #1 68% 4.58 119,121
0%
U.S. State Shapes Quiz #2 72% 4.86 76,099
0%
U.S. States or European Countries by Population 92% 4.96 71,951
0%
US States Quiz 74% 5.00 9,507,289
0%
U.S. States that Border Canada 91% 4.91 84,354
0%
U.S. States that Start with M 88% 4.89 94,377
0%
U.S. States that Start with N 88% 4.93 84,978
0%
U.S. State Superlatives #1 70% 4.35 58,113
0%
US States with an Empty Map 88% 5.00 350,437
0%
U.S. States with Letter Y 83% 4.77 56,881
0%
U.S. States with Short Names 83% 4.75 78,390
0%
U.S. States with the Fewest Borders 86% 4.81 64,849
0%
U.S. States with the Lowest Population Density 80% 4.91 56,048
0%
U.S. States with the Most Expensive Home Prices 70% 4.38 63,518
0%
U.S. Supermarket Products 65% 3.73 56,713
0%
U.S. Synonymous Trademarks 63% 3.90 55,156
0%
U.S. Vice Presidents 47% 4.31 81,758
0%
V Answers Quiz #1 83% 4.23 57,805
0%
Video Game Characters #1 61% 3.89 123,679
0%
Video Game Logos Quiz 70% 4.32 93,700
0%
Video Games by Clue 64% 4.19 110,963
0%
Video Games by "Plot" 67% 3.80 54,244
0%
Vietnam War Countries 78% 4.74 63,298
0%
Vocabulary Mega-Challenge #1 50% 4.50 87,154
0%
Walking Across Borders with Hints #1 67% 4.87 60,789
0%
W Answers Quiz #1 75% 3.94 60,454
0%
Western Europe Map Quiz 88% 4.75 64,114
0%
Which Came First? 61% 4.34 59,183
0%
Which City in Europe? 66% 4.89 61,880
0%
Which City in Germany? 65% 4.58 76,000
0%
Which Country Does Not Border... 67% 4.82 64,871
0%
Which European Country? 60% 4.49 53,472
0%
Which One Doesn't Belong #1 67% 4.25 68,970
0%
Who Did That 1970s Song #1 63% 4.41 64,063
0%
Who Did That 1980s Song #1 65% 4.26 128,815
0%
Who Did That 1980s Song #2 50% 4.22 54,220
0%
Who Did That 2000s Song #1 63% 4.15 55,502
0%
Who Did That 2000s Song #2 50% 4.08 76,005
0%
Who Did that Pop Song #1 63% 4.21 226,515
0%
Who Starred in that Movie Quiz #1 64% 4.18 69,310
0%
Who Wrote That Book #1 54% 4.32 73,079
0%
Widest Countries East to West 80% 4.91 83,588
0%
Wikipedia Languages 59% 4.93 70,455
0%
Will Smith Movies Quiz 55% 3.99 54,944
0%
Winter Olympics Hosts Quiz 45% 4.28 61,574
0%
Winter Olympic Sports 60% 3.73 59,790
0%
Win the U.S. Presidential Election 38% 4.81 203,445
0%
Women's Tennis Champs 46% 4.16 57,752
0%
Word Scramble - Animals #1 50% 4.26 98,367
0%
Word Scramble - Asian Countries 75% 4.37 53,494
0%
Word Scramble - Body Parts 70% 4.26 128,990
0%
Word Scramble - Cities #1 67% 4.45 78,419
0%
Word Scramble - Colors 53% 4.09 64,946
0%
Word Scramble - Companies Quiz 57% 4.02 55,508
0%
Word Scramble - Countries 60% 4.81 1,389,600
0%
Word Scramble - European Countries 70% 4.41 68,453
0%
Word Scramble - Fruits 71% 3.98 100,287
0%
Word Scramble - Musical Instruments 75% 4.20 51,498
0%
Word Scramble - National Capitals 50% 4.25 294,230
0%
Word Scramble - U.K. Cities 50% 4.56 52,120
0%
Word Scramble - U.S. States 80% 4.95 310,961
0%
Words for Government 50% 4.40 58,541
0%
Words for Leaders 58% 4.52 134,971
0%
Word Shortenings Quiz #1 83% 4.15 89,829
0%
Word Shortenings Quiz #2 78% 4.15 52,121
0%
Words Named for Places 70% 4.33 53,669
0%
Words that End in X 65% 4.22 62,788
0%
World Capitals by First Two Letters in 90 Seconds 51% 4.34 179,788
0%
World Capitals By Letter - A 69% 4.84 67,387
0%
World Capitals By Letter - B 62% 4.58 56,688
0%
World Capitals by Map 60% 5.00 139,374
0%
World Capitals by Proximity 51% 4.94 221,414
0%
World Capitals Closest to London 77% 4.91 62,709
0%
World Capitals - One Minute Sprint 11% 4.22 130,907
0%
World Capitals Quiz 42% 5.00 3,251,533
0%
World Cities by Clue Quiz #1 70% 4.30 63,323
0%
World Countries by 10 Category Elimination #1 90% 4.96 62,497
0%
World Currency Quiz 36% 4.82 155,242
0%
World Leaders by Picture 60% 4.27 156,649
0%
World Leaders Quiz #1 68% 4.00 77,062
0%
World Map with 10 Random Extra Borders 70% 4.95 174,258
0%
World Map without 12 Countries 75% 4.98 237,721
0%
World Map without 12 Countries #2 75% 4.98 118,127
0%
World Map without 12 Countries #3 83% 4.98 92,620
0%
World Map Without 20 Random Countries 65% 4.94 3,442,677
0%
World Map with Random Merged Countries 70% 4.99 730,564
0%
World Records - Things that are the Longest 60% 4.07 73,645
0%
World Records - Things that are the Smallest 70% 3.84 52,762
0%
World's Biggest Airlines Quiz 46% 4.19 70,574
0%
World's Biggest Islands Quiz 42% 4.10 101,356
0%
World's Busiest Airports 68% 4.86 131,179
0%
World's Longest Rivers 45% 4.80 70,996
0%
World's Most Grown Crops 50% 4.49 71,168
0%
World War II Multiple Choice 67% 4.36 71,227
0%
World War I Quiz 58% 4.46 64,053
0%
W Vocabulary Words Quiz #1 65% 3.86 59,088
0%
WWE Champions 56% 3.93 94,395
0%
WWE Finishers 80% 3.81 53,439
0%
WWII A-Z #1 64% 4.61 66,943
0%
WWII Geography 57% 4.73 75,947
0%
WWII Trivia #1 75% 4.34 107,944
0%
WWII Trivia #2 65% 4.49 54,774
0%
WWI... or WWII? 78% 4.83 60,554
0%
Yearly #1 Hit Songs in the U.S. 45% 4.03 60,911
0%
Ye Olde Professions 57% 4.58 101,908
0%
Y Vocabulary Words Quiz #1 65% 3.92 53,946
0%
Z Answers Quiz #1 70% 4.19 56,324
0%
No matching quizzes found
Score Distribution
Percent of People with Each Score
Percentile by Number Answered
Your Score History
You have not taken this quiz